{"text_format":"1","workbook":"xlsx","n_sheets":1,"sheets":["VYHODNOCENÍ"],"not_rendered":{"charts":0,"images":0,"macros":1,"external_links":0,"defined_names":5,"comments":0,"pivot_tables":0},"unopened":[],"bounds":{"document_bytes":16777216,"sheet_cells":100000,"rows_first":2000,"rows_last":500,"rows_between":2000,"halvings":0,"cell_chars":16384,"cell_head_chars":4096},"cells_cut":0,"cells_raw":0,"read":"whole","date_system":"1900"}

{"sheet":"VYHODNOCENÍ","index":0,"n_rows":655,"n_cols":21,"rows_kept":655,"cut":false,"hidden":false,"merged":[]}
["VYHODNOCENÍ",null,null,null,"kurz EUR/CZK:",25.175000000000001,null,null,null,{"$f":"SUBTOTAL(9,J3:J655)","v":1042.1499999999996},{"$f":"M1/J1","v":7181.6130115626374},{"$f":"N1/J1","v":285.15815381662912},{"$f":"SUBTOTAL(9,M3:M655)","v":7484318},{"$f":"SUBTOTAL(9,N3:N655)","v":297177.56999999995},13967,{"$f":"SUBTOTAL(9,P3:P2161)","v":14491665.709712639},6794,555,{"$f":"SUBTOTAL(9,S3:S2161)","v":575637.16821102891}]
["EVIDENČNÍ ČÍSLO (Nummer)","ŠTÍTEK (Etikett)","ZÁMĚR (Bereitstellungsmeldung Nr.)","PŮVOD (Herkunft)","DŘEVINA (Holz)","DÉLKA (Lang)  [m]","STŘED. TLOUŠŤKA (Mittendicke)  [cm]","SORTIMENT","ZÓNA","m3","VYVOLÁVACÍ CENA [KČ/m3]","VYVOLÁVACÍ CENA (Startpreis) [EUR/m3]","VYVOLÁVACÍ CENA ZA KS (Kč)","VYVOLÁVACÍ CENA ZA KS (Startpreis Stk) (EUR)","VÍTĚZNÁ CENA [Kč/m3]","VÍTĚZNÁ CENA ZA KS (Kč)","VÍTĚZNÁ MÍNUS VYVOLÁVACÍ","VÍTĚZNÁ CENA (gewinnender Preis) (EUR/m3)","VÍTĚZNÁ CENA ZA KS (gewinnender Preis) (EUR)","ČETNOST NABÍDEK","EVIDENČNÍ ČÍSLO (Nummer)"]
[1,13560,"23\\07","PLO 36","MD",8,42,"A","A",0.92,5500,218,{"$f":"J3*K3","v":5060},{"$f":"J3*L3","v":200.56},6581,6054.52,1081,261.4101290963257,240.49731876861966,4,1]
[2,13561,"23\\07","PLO 36","MD",8,62,"II","A",2.02,7000,278,{"$f":"J4*K4","v":14140},{"$f":"J4*L4","v":561.56000000000006},15681,31675.62,8681,622.87984111221454,1258.2172790466734,6,2]
[3,13562,"23\\07","PLO 36","MD",6.8,47,"II","A",0.98,7000,278,6860,272.44,10296.575000000001,10090.6435,3296.5750000000007,409,400.82,6,3]
[4,13563,"23\\07","PLO 36","MD",8,55,"A","A",1.59,5500,218,8745,346.62,7149.7,11368.023000000001,1649.6999999999998,284,451.56,4,4]
[5,13564,"23\\07","PLO 36","MD",8,55,"A","A",1.59,5500,218,8745,346.62,6581,10463.790000000001,1081,261.4101290963257,415.64210526315787,3,5]
[6,13565,"23\\07","PLO 36","MD",8,50,"A","A",1.31,5500,218,7205,285.58,6581,8621.11,1081,261.4101290963257,342.4472691161867,3,6]
[7,13566,"23\\07","PLO 36","MD",8,40,"B","B",0.83,4000,159,3320,131.97,6281,5213.2299999999996,2281,249.49354518371399,207.07964250248261,3,7]
[8,13567,"23\\07","PLO 36","MD",8,53,"A","A",1.47,5500,218,8085,320.45999999999998,9037.8250000000007,13285.60275,3537.8250000000007,359,527.73,6,8]
[9,13568,"23\\07","PLO 36","MD",8,53,"II","A",1.47,7000,278,10290,408.65999999999997,12814.075000000001,18836.69025,5814.0750000000007,509,748.23,5,9]
[10,13569,"23\\07","PLO 36","MD",8,50,"A","A",1.31,5500,218,7205,285.58,9281,12158.11,3781,368.65938430983118,482.9437934458789,6,10]
[11,13570,"23\\07","PLO 36","MD",8,42,"A","A",0.92,5500,218,5060,200.56,7881,7250.52,2381,313.04865938430981,288.00476663356505,3,11]
[12,13571,"23\\07","PLO 36","MD",8,45,"A","A",1.06,5500,218,5830,231.08,7281,7717.8600000000006,1781,289.21549155908639,306.56842105263161,3,12]
[13,13572,"23\\07","PLO 36","MD",8,47,"A","A",1.1599999999999999,5500,218,6380,252.88,9381,10881.96,3881,372.63157894736838,432.25263157894727,3,13]
[14,13573,"23\\07","PLO 36","MD",8,56,"A","A",1.65,5500,218,9075,359.7,11881,19603.649999999998,6381,471.9364448857994,778.69513406156898,5,14]
[15,13574,"23\\07","PLO 36","MD",10,63,"A","A",2.61,5500,218,14355,568.98,14828.075000000001,38701.275750000001,9328.0750000000007,589,1537.29,5,15]
[16,13575,"23\\07","PLO 36","MD",8,42,"A","A",0.92,5500,218,5060,200.56,7881,7250.52,2381,313.04865938430981,288.00476663356505,3,16]
[17,13576,"11\\09","PLO 35","DG",11,46,"B","B",1.52,2700,107,4104,162.64000000000001,2661,4044.7200000000003,-39,105.70009930486593,160.66415094339621,2,17]
[18,13577,"11\\09","PLO 35","DG",11,44,"A","A",1.39,2900,115,4030.9999999999995,159.85,2681,3726.5899999999997,-219,106.49453823237339,148.02740814299901,2,18]
[19,13578,"11\\09","PLO 35","DG",11,47,"A","A",1.59,2900,115,4611,182.85000000000002,2481,3944.7900000000004,-419,98.550148957298902,156.69473684210527,2,19]
[20,13579,"11\\09","PLO 35","DG",11,53,"A","A",2.0299999999999998,2900,115,5886.9999999999991,233.45,2481,5036.4299999999994,-419,98.550148957298902,200.05680238331675,2,20]
[21,13580,"11\\09","PLO 35","DG",11,58,"A","A",2.4300000000000002,2900,115,7047.0000000000009,279.45000000000005,2481,6028.8300000000008,-419,98.550148957298902,239.47686196623636,2,21]
[22,13581,"11\\09","PLO 35","DG",11,58,"B","B",2.4300000000000002,2700,107,6561,260.01,1400,3402,-1300,55.610724925521346,135.13406156901689,1,22]
[23,13582,"11\\09","PLO 35","DG",11,53,"A","A",2.0299999999999998,2900,115,5886.9999999999991,233.45,2481,5036.4299999999994,-419,98.550148957298902,200.05680238331675,2,23]
[24,13583,"11\\09","PLO 35","DG",11,53,"A","A",2.0299999999999998,2900,115,5886.9999999999991,233.45,2481,5036.4299999999994,-419,98.550148957298902,200.05680238331675,2,24]
[25,13584,"24\\04","PLO 36","MD",11,43,"A","A",1.33,5500,218,7315,289.94,8881,11811.730000000001,3381,352.77060575968221,469.18490566037735,4,25]
[26,13585,"24\\04","PLO 36","MD",9,55,"II","A",1.79,7000,278,12530,497.62,14181,25383.99,7181,563.29692154915585,1008.301489572989,5,26]
[27,13586,"24\\04","PLO 36","MD",4.9000000000000004,65,"C","B",1.36,3000,119,4080.0000000000005,161.84,9314.75,12668.060000000001,6314.75,370,503.20000000000005,5,27]
[28,13587,"24\\04","PLO 36","MD",6,50,"A","A",0.98,5500,218,5390,213.64,9289.5750000000007,9103.7835000000014,3789.5750000000007,369,361.62,5,28]
[29,13588,"24\\04","PLO 36","MD",5.9,52,"II","A",1.05,7000,278,7350,291.90000000000003,12881,13525.050000000001,5881,511.6583912611718,537.24131082423037,5,29]
[30,13589,"24\\04","PLO 36","MD",5,64,"A","A",1.35,5500,218,7425.0000000000009,294.3,15481,20899.350000000002,9981,614.93545183714002,830.16285998013905,5,30]
[31,13590,"24\\04","PLO 36","MD",6,46,"A","A",0.83,5500,218,4565,180.94,5581,4632.2299999999996,81,221.68818272095331,184.00119165839124,2,31]
[32,13591,"24\\04","PLO 36","MD",5,58,"B","B",1.1100000000000001,4000,159,4440,176.49,11177.7,12407.247000000001,7177.7000000000007,444,492.84000000000003,5,32]
[33,13592,"24\\04","PLO 36","MD",7,45,"A","A",0.93,5500,218,5115,202.74,7049,6555.5700000000006,1549,280,260.40000000000003,3,33]
[34,13593,"24\\04","PLO 36","MD",6,54,"A","A",1.1499999999999999,5500,218,6324.9999999999991,250.7,11051.825000000001,12709.598749999999,5551.8250000000007,439,504.84999999999997,4,34]
[35,13594,"24\\04","PLO 36","MD",6,59,"II","A",1.37,7000,278,9590,380.86,14681,20112.97,7681,583.15789473684208,798.92631578947373,5,35]
[36,13595,"24\\04","PLO 36","MD",4.9000000000000004,52,"B","B",0.87,4000,159,3480,138.33000000000001,9281,8074.47,5281,368.65938430983118,320.73366434955312,5,36]
[37,13596,"24\\04","PLO 36","MD",5,51,"B","B",0.85,4000,159,3400,135.15,7881,6698.8499999999995,3881,313.04865938430981,266.09136047666334,3,37]
[38,13597,"24\\04","PLO 36","MD",5,56,"A","A",1.03,5500,218,5665,224.54,8282.5750000000007,8531.0522500000006,2782.5750000000007,329,338.87,4,38]
[39,13598,"24\\04","PLO 36","MD",11,56,"II","A",2.27,7000,278,15890,631.06000000000006,13881,31509.87,6881,551.38033763654414,1251.6333664349552,5,39]
[40,13599,"24\\04","PLO 36","MD",11,60,"II","A",2.6,7000,278,18200,722.80000000000007,14681,38170.6,7681,583.15789473684208,1516.2105263157894,5,40]
[41,13600,"24\\04","PLO 36","MD",10,53,"A","A",1.84,5500,218,10120,401.12,13681,25173.040000000001,8181,543.43594836146974,999.92214498510441,5,41]
[42,13601,"24\\04","PLO 36","MD",11,50,"A","A",1.8,5500,218,9900,392.40000000000003,12581,22645.8,7081,499.74180734856009,899.53525322740813,5,42]
[43,13602,"24\\15","PLO 36","MD",7,65,"A","A",1.94,5500,218,10670,422.92,14324.575000000001,27789.675500000001,8824.5750000000007,569,1103.8599999999999,5,43]
[44,13603,"24\\15","PLO 36","MD",6,45,"A","A",0.79,5500,218,4345,172.22,6545.5,5170.9450000000006,1045.5,260,205.4,2,44]
[45,13604,"24\\15","PLO 36","MD",9,48,"A","A",1.36,5500,218,7480.0000000000009,296.48,8881,12078.160000000002,3381,352.77060575968221,479.76802383316783,5,45]
[46,13605,"24\\15","PLO 36","MD",9,52,"A","A",1.6,5500,218,8800,348.8,12881,20609.600000000002,7381,511.6583912611718,818.65342601787495,5,46]
[47,13606,"24\\15","PLO 36","MD",11,48,"II","A",1.66,7000,278,11620,461.47999999999996,10800.075000000001,17928.124500000002,3800.0750000000007,429,712.14,5,47]
[48,13607,"24\\15","PLO 36","MD",11,53,"A","A",2.0299999999999998,5500,218,11164.999999999998,442.53999999999996,13481,27366.429999999997,7981,535.49155908639523,1087.0478649453821,5,48]
[49,13608,"24\\15","PLO 36","MD",11,56,"A","A",2.27,5500,218,12485,494.86,13781,31282.87,8281,547.40814299900694,1242.6164846077459,5,49]
[50,13609,"24\\15","PLO 36","MD",9,54,"A","A",1.72,5500,218,9460,374.96,13881,23875.32,8381,551.38033763654414,948.37418073485594,5,50]
[51,13610,"24\\15","PLO 36","MD",9,54,"A","A",1.72,5500,218,9460,374.96,13821.075000000001,23772.249,8321.0750000000007,549,944.28,5,51]
[52,13611,"24\\15","PLO 36","MD",11,55,"A","A",2.19,5500,218,12045,477.42,14324.575000000001,31370.81925,8824.5750000000007,569,1246.1099999999999,5,52]
[53,13612,"24\\15","PLO 36","MD",9,52,"A","A",1.6,5500,218,8800,348.8,12881,20609.600000000002,7381,511.6583912611718,818.65342601787495,5,53]
[54,13613,"24\\15","PLO 36","MD",11,50,"A","A",1.8,5500,218,9900,392.40000000000003,12881,23185.8,7381,511.6583912611718,920.98510427010922,5,54]
[55,13614,"24\\15","PLO 36","MD",11,48,"A","A",1.66,5500,218,9130,361.88,11881,19722.46,6381,471.9364448857994,783.41449851042694,5,55]
[56,13615,"24\\15","PLO 36","MD",7,51,"A","A",1.19,5500,218,6545,259.42,11807.075000000001,14050.419250000001,6307.0750000000007,469,558.11,3,56]
[57,13616,"24\\15","PLO 36","MD",7,43,"A","A",0.84,5500,218,4620,183.12,7779.0749999999998,6534.4229999999998,2279.0749999999998,309,259.56,3,57]
[58,13617,"24\\15","PLO 36","MD",7,45,"A","A",0.93,5500,218,5115,202.74,1300,1209,-4200,51.638530287984111,48.023833167825224,1,58]
[59,13618,"24\\02","PLO 36","MD",9.1,52,"A","A",1.61,5500,218,8855,350.98,10800.075000000001,17388.120750000002,5300.0750000000007,429,690.69,5,59]
[60,13619,"24\\02","PLO 36","MD",9,62,"II","A",2.27,7000,278,15890,631.06000000000006,15583.325000000001,35374.147750000004,8583.3250000000007,619,1405.13,6,60]
[61,13620,"24\\02","PLO 36","MD",11,57,"II","A",2.35,7000,278,16450,653.30000000000007,15681,36850.35,8681,622.87984111221454,1463.7676266137041,5,61]
[62,13621,"24\\02","PLO 36","MD",9,50,"A","A",1.48,5500,218,8140,322.64,12681,18767.88,7181,503.71400198609729,745.49672293942399,5,62]
[63,13622,"24\\02","PLO 36","MD",8,45,"A","A",1.06,5500,218,5830,231.08,8681,9201.86,3181,344.82621648460776,365.51578947368426,4,63]
[64,13623,"24\\02","PLO 36","MD",10,53,"C","C",1.84,3000,119,5520,218.96,12814.075000000001,23577.898000000001,9814.0750000000007,509,936.56000000000006,5,64]
[65,13624,"24\\02","PLO 36","MD",11,54,"A","A",2.11,5500,218,11605,459.97999999999996,13821.075000000001,29162.468249999998,8321.0750000000007,549,1158.3899999999999,5,65]
[66,13625,"24\\02","PLO 36","MD",11,49,"A","A",1.73,5500,218,{"$f":"J68*K68","v":9515},{"$f":"J68*L68","v":377.14},9881,17094.13,4381,392.49255213505461,679.01211519364449,5,66]
[67,13626,"24\\02","PLO 36","MD",10,58,"A","A",2.21,5500,218,12155,481.78,9881,21837.01,4381,392.49255213505461,867.40854021847065,4,67]
[68,13627,"24\\02","PLO 36","MD",8,47,"A","A",1.1599999999999999,5500,218,6380,252.88,8534.3250000000007,9899.8170000000009,3034.3250000000007,339,393.23999999999995,4,68]
[69,13628,"24\\02","PLO 36","MD",7,51,"A","A",1.19,5500,218,6545,259.42,10881,12948.39,5381,432.21449851042701,514.33525322740809,4,69]
[70,13629,"24\\02","PLO 36","MD",9,53,"A","A",1.66,5500,218,9130,361.88,13681,22710.46,8181,543.43594836146974,902.10367428003974,5,70]
[71,13630,"24\\02","PLO 36","MD",9,46,"A","A",1.25,5500,218,6875,272.5,8056,10070,2556,320,400,4,71]
[72,13631,"24\\02","PLO 36","MD",8,54,"A","A",1.53,5500,218,8415,333.54,12681,19401.93,7181,503.71400198609729,770.68242303872887,5,72]
[73,13632,"24\\02","PLO 36","MD",8,49,"A","A",1.26,5500,218,6930,274.68,9281,11694.06,3781,368.65938430983118,464.5108242303873,4,73]
[74,13633,"LUH\\1","PLO 38","DB",7.8,64,"B","A",2.15,7500,298,16125,640.69999999999993,12486.800000000001,26846.620000000003,4986.8000000000011,496.00000000000006,1066.4000000000001,7,74]
[75,13634,"LUH\\1","PLO 38","DB",6.5,65,"D","C",1.85,3200,127,5920,234.95000000000002,7577.6750000000002,14018.698750000001,4377.6750000000002,301,556.85,5,75]
[76,13635,"LUH\\1","PLO 38","DB",8.3000000000000007,60,"A","A",2,10000,397,20000,794,24293.875,48587.75,14293.875,965,1930,10,76]
[77,13636,"LUH\\1","PLO 38","DB",9.1999999999999993,64,"B","A",2.5299999999999998,7500,298,18975,753.93999999999994,17722,44836.659999999996,10222,703.95233366434957,1780.9994041708042,10,77]
[78,13637,"LUH\\1","PLO 38","DB",9.5,62,"B","A",2.4500000000000002,7500,298,18375,730.1,18857.400000000001,46200.630000000005,11357.400000000001,749.0526315789474,1835.1789473684212,11,78]
[79,13638,"LUH\\1","PLO 38","DB",8.3000000000000007,51,"B","B",1.44,7500,298,10800,429.12,16722,24079.68,9222,664.23038728897711,956.49175769612702,8,79]
[80,13639,"LUH\\1","PLO 38","DB",10.5,66,"A","A",3.08,10000,397,30800,1222.76,18327.400000000001,56448.392000000007,8327.4000000000015,728,2242.2400000000002,10,80]
[81,13640,"LUH\\1","PLO 38","DB",9.9,52,"C","C",1.79,5000,199,8950,356.21,15322,27426.38,10322,608.61966236345575,1089.4291956305858,8,81]
[82,13641,"LUH\\1","PLO 38","DB",10.199999999999999,70,"B","A",3.37,7500,298,25275,1004.26,27340.05,92135.968500000003,19840.05,1086,3659.82,8,82]
[83,13642,"LUH\\1","PLO 38","DB",8.3000000000000007,58,"A","A",1.87,10000,397,18700,742.39,15322,28652.140000000003,5322,608.61966236345575,1138.1187686196622,7,83]
[84,13643,"LUH\\1","PLO 38","DB",8.5,59,"A","A",1.98,10000,397,19800,786.06,19183.350000000002,37983.033000000003,9183.3500000000022,762.00000000000011,1508.7600000000002,7,84]
[85,13644,88,"PLO 35","DB",10.5,56,"II","A",2.2000000000000002,12000,477,26400.000000000004,1049.4000000000001,27818.375,61200.425000000003,15818.375,1105,2431,14,85]
[86,13645,88,"PLO 35","DB",11,66,"II","A",3.23,12000,477,38760,1540.71,29253.350000000002,94488.320500000002,17253.350000000002,1162,3753.2599999999998,14,86]
[87,13646,88,"PLO 35","DB",6.8,45,"A","A",0.91,8000,318,7280,289.38,15356.75,13974.6425,7356.75,610,555.1,7,87]
[88,13647,88,"PLO 35","DB",8.5,58,"B","B",1.92,7500,298,14400,572.16,26254.378124999999,50408.405999999995,18754.378124999999,1042.875,2002.32,15,88]
[89,13648,88,"PLO 35","DB",11,63,"A","A",2.93,10000,397,29300,1163.21,25200.174999999999,73836.512750000009,15200.174999999999,1000.9999999999999,2932.93,11,89]
[90,13649,88,"PLO 35","DB",11,54,"D","C",2.14,3200,127,6848,271.78000000000003,16086.825000000001,34425.805500000002,12886.825000000001,639,1367.46,3,90]
[91,13650,88,"PLO 35","DB",8.1,57,"II","A",1.76,12000,477,21120,839.52,28246.350000000002,49713.576000000001,16246.350000000002,1122,1974.72,16,91]
[92,13651,88,"PLO 35","DB",7.5,55,"II","A",1.52,12000,477,18240,725.04,19233.7,29235.224000000002,7233.7000000000007,764,1161.28,10,92]
[93,13652,88,"PLO 35","DB",7,66,"II","A",2.0499999999999998,12000,477,24599.999999999996,977.84999999999991,36831.025000000001,75503.601249999992,24831.025000000001,1463,2999.1499999999996,15,93]
[94,13653,88,"PLO 35","DB",10,60,"II","A",2.42,12000,477,29040,1154.3399999999999,30763.850000000002,74448.517000000007,18763.850000000002,1222,2957.24,12,94]
[95,13654,88,"PLO 35","DB",11,63,"II","A",2.93,12000,477,35160,1397.6100000000001,31846.375,93309.878750000003,19846.375,1265,3706.4500000000003,13,95]
[96,13655,88,"PLO 35","DB",10.5,65,"D","C",2.98,3200,127,9536,378.46,4707.7250000000004,14029.020500000001,1507.7250000000004,187,557.26,3,96]
[97,13656,88,"PLO 35","DB",7.3,58,"A","A",1.65,10000,397,16500,655.04999999999995,24822.55,40957.207499999997,14822.55,986,1626.8999999999999,14,97]
[98,13657,88,"PLO 35","DB",11,48,"II","A",1.68,10000,397,16800,666.95999999999992,20693.850000000002,34765.668000000005,10693.850000000002,822.00000000000011,1380.96,13,98]
[99,13658,88,"PLO 35","DB",9.3000000000000007,66,"A","A",2.73,10000,397,27300,1083.81,15322,41829.06,5322,608.61966236345575,1661.5316782522341,8,99]
[100,13659,88,"PLO 35","DB",11,47,"A","A",1.61,8000,318,12880,511.98,13997.300000000001,22535.653000000002,5997.3000000000011,556,895.16000000000008,10,100]
[101,13660,88,"PLO 35","DB",7.2,54,"II","A",1.4,12000,477,16800,667.8,24293.875,34011.424999999996,12293.875,965,1351,14,101]
[102,13661,88,"PLO 35","DB",7.9,58,"C","C",1.78,5000,199,8900,354.22,19837.900000000001,35311.462,14837.900000000001,788,1402.64,8,102]
[103,13662,88,"PLO 35","DB",7.8,67,"I","A",2.36,18000,715,42480,1687.3999999999999,27390.400000000001,64641.343999999997,9390.4000000000015,1088,2567.6799999999998,9,103]
[104,13663,88,"PLO 35","DB",10.4,46,"II","A",1.46,10000,397,14600,579.62,15734.375,22972.1875,5734.375,625,912.5,9,104]
[105,13664,88,"PLO 35","DB",11,53,"A","A",2.06,10000,397,20600,817.82,15322,31563.32,5322,608.61966236345575,1253.756504468719,10,105]
[106,13665,88,"PLO 35","DB",10.3,47,"B","B",1.51,6000,238,9060,359.38,16137.175000000001,24367.134250000003,10137.175000000001,641,967.91,9,106]
[107,13666,88,"PLO 35","DB",7,55,"A","A",1.42,10000,397,14200,563.74,24872.9,35319.518000000004,14872.900000000001,988,1402.96,13,107]
[108,13667,88,"PLO 35","DB",6.2,61,"A","A",1.55,10000,397,15500,615.35,25049.125,38826.143750000003,15049.125,995,1542.25,9,108]
[109,13668,88,"PLO 35","DB",6.3,64,"B","A",1.74,7500,298,13050,518.52,18251.875,31758.262500000001,10751.875,725,1261.5,8,109]
[110,13669,88,"PLO 35","DB",7.2,65,"II","A",2.0499999999999998,12000,477,24599.999999999996,977.84999999999991,31770.850000000002,65130.2425,19770.850000000002,1262,2587.1,11,110]
[111,13670,88,"PLO 35","DB",6,53,"A","A",1.1200000000000001,10000,397,11200.000000000002,444.64000000000004,15322,17160.640000000003,5322,608.61966236345575,681.65402184707045,7,111]
[112,13671,88,"PLO 35","DB",8.6,56,"A","A",1.8,10000,397,18000,714.6,16387.168604651164,29496.903488372096,6387.1686046511641,650.93023255813955,1171.6744186046512,8,112]
[113,13672,88,"PLO 35","DB",8.6,59,"II","A",2.0099999999999998,12000,477,24119.999999999996,958.76999999999987,32425.4,65175.053999999996,20425.400000000001,1288,2588.8799999999997,11,113]
[114,13673,88,"PLO 35","DB",11,52,"A","A",1.98,10000,397,19800,786.06,15322,30337.56,5322,608.61966236345575,1205.0669314796423,10,114]
[115,13674,88,"PLO 35","DB",6.3,46,"C","C",0.88,4000,159,3520,139.91999999999999,14173.525,12472.701999999999,10173.525,563,495.44,5,115]
[116,13675,88,"PLO 35","DB",6.5,53,"II","A",1.22,12000,477,14640,581.93999999999994,15322,18692.84,3322,608.61966236345575,742.515988083416,7,116]
[117,13676,88,"PLO 35","DB",5.2,52,"A","A",0.94,10000,397,9400,373.18,15322,14402.679999999998,5322,608.61966236345575,572.10248262164839,7,117]
[118,13677,88,"PLO 35","DB",7,57,"II","A",1.52,12000,477,18240,725.04,15322,23289.439999999999,3322,608.61966236345575,925.10188679245277,9,118]
[119,13678,88,"PLO 35","DB",7.5,58,"A","A",1.69,10000,397,16900,670.93,17722,29950.18,7722,703.95233366434957,1189.6794438927507,9,119]
[120,13679,88,"PLO 35","DB",6.3,54,"A","A",1.23,10000,397,12300,488.31,16722,20568.060000000001,6722,664.23038728897711,817.0033763654418,6,120]
[121,13680,88,"PLO 35","DB",7,50,"A","A",1.17,10000,397,11700,464.48999999999995,15322,17926.739999999998,5322,608.61966236345575,712.08500496524323,8,121]
[122,13681,88,"PLO 35","DB",6,50,"A","A",1,10000,397,10000,397,14173.525,14173.525,4173.5249999999996,563,563,7,122]
[123,13682,88,"PLO 35","DB",9,50,"A","A",1.5,10000,397,15000,595.5,15322,22983,5322,608.61966236345575,912.92949354518362,10,123]
[124,13683,88,"PLO 35","DB",8,44,"II","A",1.02,10000,397,10200,404.94,15180.525,15484.1355,5180.5249999999996,603,615.06000000000006,9,124]
[125,13684,88,"PLO 35","DB",10.9,67,"A","A",3.3,10000,397,33000,1310.0999999999999,21776.375,71862.037499999991,11776.375,865,2854.5,7,125]
[126,13685,88,"PLO 35","DB",3.8,64,"A","A",1.05,10000,397,10500,416.85,24797.375,26037.243750000001,14797.375,985,1034.25,8,126]
[127,13686,88,"PLO 35","DB",3.2,56,"II","A",0.67,12000,477,8040.0000000000009,319.59000000000003,19686.850000000002,13190.189500000002,7686.8500000000022,782.00000000000011,523.94000000000005,6,127]
[128,13687,88,"PLO 35","DB",3,58,"II","A",0.68,12000,477,8160.0000000000009,324.36,21700.850000000002,14756.578000000003,9700.8500000000022,862.00000000000011,586.16000000000008,8,128]
[129,13688,88,"PLO 35","DB",4.0999999999999996,65,"I","A",1.17,18000,715,21060,836.55,29832.375,34903.878749999996,11832.375,1185,1386.4499999999998,6,129]
[130,13689,88,"PLO 35","DB",4.5,61,"A","A",1.1200000000000001,10000,397,{"$f":"J132*K132","v":11200.000000000002},{"$f":"J132*L132","v":444.64000000000004},29253.350000000002,32763.752000000004,19253.350000000002,1162,1301.44,11,130]
[131,13690,88,"PLO 35","DB",4.9000000000000004,58,"A","A",1.1000000000000001,10000,397,11000,436.70000000000005,13997.300000000001,15397.030000000002,3997.3000000000011,556,611.6,5,131]
[132,13691,88,"PLO 35","DB",4.9000000000000004,58,"II","A",1.1000000000000001,12000,477,13200.000000000002,524.70000000000005,21851.9,24037.090000000004,9851.9000000000015,868,954.80000000000007,10,132]
[133,13692,88,"PLO 35","DB",3,65,"A","A",0.85,10000,397,8500,337.45,30763.850000000002,26149.272500000003,20763.850000000002,1222,1038.7,4,133]
[134,13693,88,"PLO 35","DB",3.8,61,"II","A",0.95,12000,477,11400,453.15,25200.174999999999,23940.166249999998,13200.174999999999,1000.9999999999999,950.94999999999982,4,134]
[135,13694,88,"PLO 35","DB",3,60,"II","A",0.72,12000,477,8640,343.44,14274.225,10277.441999999999,2274.2250000000004,567,408.24,3,135]
[136,13695,88,"PLO 35","DB",3.1,58,"A","A",0.7,10000,397,7000,277.89999999999998,"NEVYDRAŽENO","NEVYDRAŽENO","NEVYDRAŽENO","NEVYDRAŽENO","NEVYDRAŽENO",3,136]
[137,13696,88,"PLO 35","DB",4.0999999999999996,58,"II","A",0.92,12000,477,11040,438.84000000000003,17722,16304.240000000002,5722,703.95233366434957,647.63614697120158,7,137]
[138,13697,88,"PLO 35","DB",4,53,"II","A",0.75,12000,477,9000,357.75,15322,11491.5,3322,608.61966236345575,456.46474677259181,8,138]
[139,13698,88,"PLO 35","DB",5,62,"II","A",1.29,12000,477,15480,615.33000000000004,29253.350000000002,37736.821500000005,17253.350000000002,1162,1498.98,12,139]
[140,13699,88,"PLO 35","DB",4.9000000000000004,67,"II","A",1.48,12000,477,17760,705.96,28397.4,42028.152000000002,16397.400000000001,1128,1669.44,8,140]
[141,13700,81,"PLO 35","DB",3,54,"II","A",0.57999999999999996,12000,477,6959.9999999999991,276.65999999999997,27818.375,16134.657499999999,15818.375,1105,640.9,8,141]
[142,13701,81,"PLO 35","DB",3.9,45,"A","A",0.52,8000,318,4160,165.36,"NEVYDRAŽENO","NEVYDRAŽENO","NEVYDRAŽENO","NEVYDRAŽENO","NEVYDRAŽENO",2,142]
[143,13702,88,"PLO 35","DB",4,66,"C","B",1.17,5000,199,5850,232.82999999999998,22305.05,26096.908499999998,17305.05,886,1036.6199999999999,6,143]
[144,13703,88,"PLO 35","DB",5,55,"II","A",1.01,12000,477,12120,481.77,24218.350000000002,24460.533500000001,12218.350000000002,962.00000000000011,971.62000000000012,11,144]
[145,13704,88,"PLO 35","DB",4.5,58,"A","A",1.01,10000,397,10100,400.97,13493.800000000001,13628.738000000001,3493.8000000000011,536,541.36,5,145]
[146,13705,88,"PLO 35","DB",5,51,"II","A",0.87,12000,477,10440,414.99,18931.600000000002,16470.492000000002,6931.6000000000022,752.00000000000011,654.24000000000012,12,146]
[147,13706,88,"PLO 35","DB",5.2,58,"II","A",1.17,12000,477,14040,558.08999999999992,27818.375,32547.498749999999,15818.375,1105,1292.8499999999999,14,147]
[148,13707,88,"PLO 35","DB",4.7,60,"A","A",1.1399999999999999,10000,397,11399.999999999998,452.58,17119,19515.66,7119,680,775.19999999999993,12,148]
[149,13708,88,"PLO 35","DB",5,54,"II","A",0.97,12000,477,11640,462.69,18352.575000000001,17801.997749999999,6352.5750000000007,729,707.13,8,149]
[150,13709,88,"PLO 35","DB",5.3,52,"A","A",0.96,10000,397,9600,381.12,15960.95,15322.512000000001,5960.9500000000007,634,608.64,7,150]
[151,13710,88,"PLO 35","DB",4.5,49,"II","A",0.72,10000,397,7200,285.83999999999997,17345.575000000001,12488.814,7345.5750000000007,689,496.08,11,151]
[152,13711,88,"PLO 35","DB",4.2,63,"II","A",1.1200000000000001,12000,477,13440.000000000002,534.24,15322,17160.640000000003,3322,608.61966236345575,681.65402184707045,7,152]
[153,13712,88,"PLO 35","DB",4.2,63,"II","A",1.1200000000000001,12000,477,13440.000000000002,534.24,15322,17160.640000000003,3322,608.61966236345575,681.65402184707045,6,153]
[154,13713,88,"PLO 35","DB",4.5,58,"C","C",1.01,5000,199,5050,200.99,16993.125,17163.056250000001,11993.125,675,681.75,11,154]
[155,13714,88,"PLO 35","DB",4.2,56,"II","A",0.88,12000,477,10560,419.76,15322,13483.36,3322,608.61966236345575,535.58530287984104,9,155]
[156,13715,88,"PLO 35","DB",4.8,54,"II","A",0.94,12000,477,11280,448.38,15322,14402.679999999998,3322,608.61966236345575,572.10248262164839,7,156]
[157,13716,88,"PLO 35","DB",4.9000000000000004,55,"A","A",0.99,10000,397,9900,393.03,19863.075000000001,19664.44425,9863.0750000000007,789,781.11,7,157]
[158,13717,88,"PLO 35","DB",5.2,60,"A","A",1.26,10000,397,12600,500.22,13997.300000000001,17636.598000000002,3997.3000000000011,556,700.56000000000006,6,158]
[159,13718,88,"PLO 35","DB",4.7,56,"II","A",0.99,12000,477,11880,472.23,16993.125,16823.193749999999,4993.125,675,668.25,8,159]
[160,13719,81,"PLO 35","DB",10,48,"A","A",1.53,8000,318,12240,486.54,16942.775000000001,25922.445750000003,8942.7750000000015,673,1029.69,10,160]
[161,13720,81,"PLO 35","DB",9.9,58,"A","A",2.23,10000,397,22300,885.31,27390.400000000001,61080.592000000004,17390.400000000001,1088,2426.2399999999998,13,161]
[162,13721,81,"PLO 35","DB",5.5,51,"I","A",0.95,18000,715,17100,679.25,20442.100000000002,19419.995000000003,2442.1000000000022,812.00000000000011,771.40000000000009,6,162]
[163,13722,81,"PLO 35","DB",6,55,"A","A",1.21,10000,397,12100,480.37,15322,18539.62,5322,608.61966236345575,736.42979145978143,7,163]
[164,13723,81,"PLO 35","DB",6,50,"II","A",1,12000,477,12000,477,25200.174999999999,25200.174999999999,13200.174999999999,1000.9999999999999,1000.9999999999999,13,164]
[165,13724,81,"PLO 35","DB",10.9,50,"II","A",1.81,12000,477,21720,863.37,15322,27732.82,3322,608.61966236345575,1101.601588877855,5,165]
[166,13725,81,"PLO 35","DB",10.9,45,"II","A",1.46,10000,397,14600,579.62,15381.925000000001,22457.610500000003,5381.9250000000011,611,892.06,8,166]
[167,13726,81,"PLO 35","DB",8,47,"A","A",1.17,8000,318,9360,372.06,15684.025,18350.309249999998,7684.0249999999996,623,728.91,9,167]
[168,13727,81,"PLO 35","DB",8,51,"A","A",1.39,10000,397,13899.999999999998,551.82999999999993,15322,21297.579999999998,5322,608.61966236345575,845.98133068520337,9,168]
[169,13728,81,"PLO 35","DB",10.9,56,"II","A",2.29,12000,477,27480,1092.33,27818.375,63704.078750000001,15818.375,1105,2530.4499999999998,13,169]
[170,13729,81,"PLO 35","DB",7,62,"II","A",1.81,12000,477,21720,863.37,22279.875,40326.573750000003,10279.875,885,1601.8500000000001,9,170]
[171,13730,81,"PLO 35","DB",7,70,"II","A",2.31,12000,477,27720,1101.8700000000001,21708.042857142857,50145.578999999998,9708.0428571428565,862.28571428571422,1991.8799999999999,8,171]
[172,13731,81,"PLO 35","DB",9.5,51,"A","A",1.65,10000,397,16500,655.04999999999995,13997.300000000001,23095.545000000002,3997.3000000000011,556,917.4,7,172]
[173,13732,81,"PLO 35","DB",10.5,46,"A","A",1.47,8000,318,11760,467.46,15532.975,22833.473249999999,7532.9750000000004,617,906.99,8,173]
[174,13733,81,"PLO 35","DB",10,48,"A","A",1.53,8000,318,12240,486.54,15910.6,24343.218000000001,7910.6,632,966.96,7,174]
[175,13734,81,"PLO 35","DB",9,50,"II","A",1.5,12000,477,18000,715.5,17244.875,25867.3125,5244.875,685,1027.5,9,175]
[176,13735,81,"PLO 35","DB",7.9,46,"II","A",1.1100000000000001,10000,397,11100.000000000002,440.67,13745.550000000001,15257.560500000003,3745.5500000000011,546,606.06000000000006,6,176]
[177,13736,81,"PLO 35","DB",9.9,61,"A","A",2.4700000000000002,10000,397,24700.000000000004,980.59,17722,43773.340000000004,7722,703.95233366434957,1738.7622641509436,8,177]
[178,13737,81,"PLO 35","DB",10.9,61,"B","A",2.72,7500,298,20400,810.56000000000006,19762.375,53753.66,12262.375,785,2135.2000000000003,10,178]
[179,13738,81,"PLO 35","DB",9.8000000000000007,69,"A","A",3.15,10000,397,31500,1250.55,32375.05,101981.4075,22375.05,1286,4050.9,12,179]
[180,13739,81,"PLO 35","DB",10,50,"A","A",1.66,10000,397,16600,659.02,15322,25434.52,5322,608.61966236345575,1010.3086395233365,7,180]
[181,13740,81,"PLO 35","DB",7.8,72,"II","A",2.73,12000,477,32760,1302.21,30046.039743589743,82025.688500000004,18046.039743589743,1193.4871794871794,3258.22,11,181]
[182,13741,81,"PLO 35","DB",6.1,49,"II","A",0.97,10000,397,9700,385.09,19107.825000000001,18534.590250000001,9107.8250000000007,759,736.23,8,182]
[183,13742,81,"PLO 35","DB",9.9,54,"II","A",1.93,12000,477,23160,920.61,15322,29571.46,3322,608.61966236345575,1174.6359483614694,7,183]
[184,13743,81,"PLO 35","DB",11,56,"A","A",2.31,10000,397,23100,917.07,15322,35393.82,5322,608.61966236345575,1405.9114200595827,9,184]
[185,13744,81,"PLO 35","DB",9.9,65,"II","A",2.81,12000,477,33720,1340.3700000000001,17722,49798.82,5722,703.95233366434957,1978.1060575968222,9,185]
[186,13745,81,"PLO 35","DB",10.9,51,"A","A",1.89,10000,397,18900,750.32999999999993,15322,28958.579999999998,5322,608.61966236345575,1150.2911618669314,9,186]
[187,13746,81,"PLO 35","DB",5,78,"II","A",2.06,12000,477,24720,982.62,21700.850000000002,44703.751000000004,9700.8500000000022,862.00000000000011,1775.7200000000003,8,187]
[188,13747,81,"PLO 35","DB",5.5,50,"II","A",0.92,12000,477,11040,438.84000000000003,17068.650000000001,15703.158000000001,5068.6500000000015,678,623.76,8,188]
[189,13748,81,"PLO 35","DB",5.5,50,"II","A",0.92,12000,477,11040,438.84000000000003,17169.350000000002,15795.802000000003,5169.3500000000022,682.00000000000011,627.44000000000017,9,189]
[190,13749,81,"PLO 35","ORC",3,60,"A","A",0.72,10000,397,7200,285.83999999999997,19636.5,14138.279999999999,9636.5,780,561.6,4,190]
[191,13750,81,"PLO 35","ORC",10,70,"II","A",3.3,12000,477,39600,1574.1,39323.35,129767.05499999999,27323.35,1562,5154.5999999999995,9,191]
[192,13751,81,"PLO 35","ORC",10.9,60,"II","A",2.63,12000,477,31560,1254.51,38744.325000000004,101897.57475000001,26744.325000000004,1539.0000000000002,4047.5700000000006,9,192]
[193,13752,81,"PLO 35","ORC",9.9,58,"II","A",2.23,12000,477,26760,1063.71,38240.825000000004,85277.039750000011,26240.825000000004,1519.0000000000002,3387.3700000000003,8,193]
[194,13753,138,"PLO 35","ORC",12,44,"II","A",1.54,12000,477,{"$f":"J196*K196","v":18480},{"$f":"J196*L196","v":734.58},21625.325000000001,33303.000500000002,9625.3250000000007,859,1322.8600000000001,5,194]
[195,13754,138,"PLO 35","ORC",11,52,"A","A",1.98,10000,397,19800,786.06,24149.233181818181,47815.481699999997,14149.233181818181,959.25454545454545,1899.3240000000001,5,195]
[196,13755,138,"PLO 35","ORC",8,46,"II","A",1.1200000000000001,12000,477,13440.000000000002,534.24,23135.825000000001,25912.124000000003,11135.825000000001,919,1029.2800000000002,4,196]
[197,13756,138,"PLO 35","ORC",6,43,"A","A",0.73,10000,397,7300,289.81,17849.075000000001,13029.82475,7849.0750000000007,709,517.56999999999994,4,197]
[198,13757,138,"PLO 35","ORC",10,43,"II","A",1.22,12000,477,14640,581.93999999999994,17093.825000000001,20854.466499999999,5093.8250000000007,679,828.38,4,198]
[199,13758,138,"PLO 35","ORC",9,46,"II","A",1.26,12000,477,15120,601.02,22884.075000000001,28833.934499999999,10884.075000000001,909,1145.3399999999999,4,199]
[200,13759,138,"PLO 35","ORC",8,43,"II","A",0.98,12000,477,11760,467.46,15583.325000000001,15271.6585,3583.3250000000007,619,606.62,4,200]
[201,13760,138,"PLO 35","ORC",7,45,"II","A",0.94,12000,477,11280,448.38,23387.575000000001,21984.320499999998,11387.575000000001,929,873.26,5,201]
[202,13761,138,"PLO 35","ORC",10,43,"A","A",1.22,10000,397,12200,484.34,18352.575000000001,22390.141500000002,8352.5750000000007,729,889.38,4,202]
[203,13762,138,"PLO 35","ORC",9,42,"A","A",1.05,10000,397,10500,416.85,14324.575000000001,15040.803750000001,4324.5750000000007,569,597.45000000000005,4,203]
[204,13763,138,"PLO 35","ORC",7,42,"A","A",0.81,10000,397,8100.0000000000009,321.57,14072.825000000001,11398.988250000002,4072.8250000000007,559,452.79,5,204]
[205,13764,138,"PLO 35","ORC",8,45,"II","A",1.07,12000,477,12840,510.39000000000004,20870.075000000001,22330.980250000001,8870.0750000000007,829,887.03000000000009,5,205]
[206,13765,138,"PLO 35","ORC",9,45,"II","A",1.21,12000,477,14520,577.16999999999996,19107.825000000001,23120.468250000002,7107.8250000000007,759,918.39,5,206]
[207,13766,138,"PLO 35","ORC",8,49,"A","A",1.28,10000,397,12800,508.16,23135.825000000001,29613.856,13135.825000000001,919,1176.32,5,207]
[208,13767,138,"PLO 35","ORC",11,45,"II","A",1.48,12000,477,17760,705.96,21150.890681818186,31303.318209090914,9150.8906818181858,840.15454545454554,1243.4287272727274,5,208]
[209,13768,138,"PLO 35","ORC",12,36,"A","B",1.02,10000,397,10200,404.94,12209.875,12454.0725,2209.875,485,494.7,4,209]
[210,13769,138,"PLO 35","ORC",6,32,"C","C",0.4,4000,159,1600,63.6,5664.375,2265.75,1664.375,225,90,3,210]
[211,13770,138,"PLO 35","ORC",6,35,"D","C",0.48,2000,79,960,37.92,2542.6750000000002,1220.4840000000002,542.67500000000018,101,48.48,2,211]
[212,13771,138,"PLO 35","ORC",8,38,"C","C",0.76,4000,159,3040,120.84,5664.375,4304.9250000000002,1664.375,225,171,3,212]
[213,13772,138,"PLO 35","ORC",8,47,"II","A",1.17,12000,477,14040,558.08999999999992,19624.541874999999,22960.713993749996,7624.541874999999,779.52499999999998,912.04424999999992,5,213]
[214,13773,138,"PLO 35","ORC",7,31,"C","C",0.43,4000,159,1720,68.37,3297.9250000000002,1418.1077500000001,-702.07499999999982,131,56.33,2,214]
[215,13774,138,"PLO 35","ORC",12,39,"A","B",1.2,10000,397,12000,476.4,10699.375,12839.25,699.375,425,510,5,215]
[216,13775,138,"PLO 35","ORC",8,41,"A","A",0.89,10000,397,8900,353.33,15583.325000000001,13869.159250000001,5583.3250000000007,619,550.91,5,216]
[217,13776,138,"PLO 35","ORC",8,41,"B","B",0.89,8000,317,7120,282.13,8937.125,7954.0412500000002,937.125,355,315.95,4,217]
[218,13777,138,"PLO 35","ORC",8.9,37,"C","C",0.8,4000,159,3200,127.2,5664.375,4531.5,1664.375,225,180,4,218]
[219,13778,138,"PLO 35","ORC",5,38,"B","C",0.47,8000,317,3760,148.98999999999998,8232.2250000000004,3869.1457500000001,232.22500000000036,327,153.69,4,219]
[220,13779,138,"PLO 35","ORC",6,37,"B","C",0.54,8000,317,4320,171.18,8232.2250000000004,4445.4015000000009,232.22500000000036,327,176.58,3,220]
[221,13780,138,"PLO 35","ORC",7,52,"II","A",1.26,12000,477,15120,601.02,30512.100000000002,38445.246000000006,18512.100000000002,1212,1527.1200000000001,6,221]
[222,13781,138,"PLO 35","ORC",7,39,"A","B",0.7,10000,397,7000,277.89999999999998,11807.075000000001,8264.9524999999994,1807.0750000000007,469,328.29999999999995,5,222]
[223,13782,138,"PLO 35","ORC",7,41,"II","A",0.78,12000,477,9360,372.06,16338.575000000001,12744.088500000002,4338.5750000000007,649,506.22,5,223]
[224,13783,138,"PLO 35","ORC",6,35,"C","C",0.48,4000,159,1920,76.319999999999993,5916.125,2839.74,1916.125,235,112.8,3,224]
[225,13784,138,"PLO 35","ORC",6,33,"C","C",0.42,4000,159,1680,66.78,3801.4250000000002,1596.5985000000001,-198.57499999999982,151,63.419999999999995,2,225]
[226,13785,138,"PLO 35","ORC",5.5,36,"B","C",0.47,8000,317,3760,148.98999999999998,5311.9250000000002,2496.60475,-2688.0749999999998,211,99.169999999999987,2,226]
[227,13786,138,"PLO 35","ORC",6.5,37,"C","C",0.57999999999999996,4000,159,2320,92.22,5916.125,3431.3525,1916.125,235,136.29999999999998,3,227]
[228,13787,138,"PLO 35","ORC",7,35,"B","C",0.56000000000000005,8000,317,4480,177.52,9692.375,5427.7300000000005,1692.375,385,215.60000000000002,4,228]
[229,13788,138,"PLO 35","ORC",6,38,"B","C",0.56999999999999995,8000,317,4560,180.69,9692.375,5524.6537499999995,1692.375,385,219.45,4,229]
[230,13789,138,"PLO 35","ORC",6,42,"D","C",0.7,2000,79,1400,55.3,2039.175,1427.4224999999999,39.174999999999955,81,56.699999999999996,2,230]
[231,13790,138,"PLO 35","ORC",6.5,64,"B","A",1.79,8000,317,14320,567.43000000000006,16086.825000000001,28795.41675,8086.8250000000007,639,1143.81,5,231]
[232,13791,138,"PLO 35","ORC",8,45,"A","A",1.07,10000,397,10700,424.79,12209.875,13064.56625,2209.875,485,518.95000000000005,5,232]
[233,13792,138,"PLO 35","ORC",7,39,"C","C",0.7,4000,159,2800,111.3,8181.875,5727.3125,4181.875,325,227.49999999999997,3,233]
[234,13793,138,"PLO 35","ORC",6,41,"II","A",0.66,12000,477,7920,314.82,16590.325000000001,10949.614500000001,4590.3250000000007,659,434.94,5,234]
[235,13794,138,"PLO 35","ORC",12,46,"II","A",1.68,12000,477,20160,801.36,21625.325000000001,36330.546000000002,9625.3250000000007,859,1443.12,5,235]
[236,13795,138,"PLO 35","ORC",10,40,"II","A",1.05,12000,477,12600,500.85,16086.825000000001,16891.166250000002,4086.8250000000007,639,670.95,5,236]
[237,13796,138,"PLO 35","ORC",8,37,"A","B",0.72,10000,397,7200,285.83999999999997,13821.075000000001,9951.1740000000009,3821.0750000000007,549,395.28,5,237]
[238,13797,138,"PLO 35","ORC",6,38,"B","C",0.56999999999999995,8000,317,4560,180.69,9692.375,5524.6537499999995,1692.375,385,219.45,4,238]
[239,13798,138,"PLO 35","ORC",9,36,"D","C",0.76,2000,79,1520,60.04,2039.175,1549.7729999999999,39.174999999999955,81,61.56,2,239]
[240,13799,138,"PLO 35","ORC",8,43,"II","A",0.98,12000,477,11760,467.46,15608.5,15296.33,3608.5,620,607.6,5,240]
[241,13800,138,"PLO 35","ORC",7.4,34,"C","C",0.56000000000000005,4000,159,2240,89.04,6318.9250000000002,3538.5980000000004,2318.9250000000002,251,140.56,4,241]
[242,13801,138,"PLO 35","ORC",6,37,"B","C",0.54,8000,317,4320,171.18,9692.375,5233.8825000000006,1692.375,385,207.9,4,242]
[243,13802,138,"PLO 35","ORC",9,36,"C","C",0.76,4000,159,3040,120.84,5916.125,4496.2550000000001,1916.125,235,178.6,4,243]
[244,13803,138,"PLO 35","ORC",9.5,42,"C","C",1.1100000000000001,4000,159,4440,176.49,5916.125,6566.8987500000003,1916.125,235,260.85000000000002,4,244]
[245,13804,138,"PLO 35","ORC",9,41,"II","A",1,12000,477,12000,477,18604.325000000001,18604.325000000001,6604.3250000000007,739,739,5,245]
[246,13805,138,"PLO 35","ORC",9,70,"II","A",2.97,12000,477,35640,1416.69,30940.075000000001,91892.022750000004,18940.075000000001,1229,3650.13,5,246]
[247,13806,138,"PLO 35","ORC",11,60,"II","A",2.66,12000,477,31920,1268.8200000000002,34212.825000000004,91006.114500000011,22212.825000000004,1359.0000000000002,3614.940000000001,6,247]
[248,13807,"154\\1","PLO 16","MD",8.5,68,"A","A",2.58,5500,218,14190,562.44000000000005,7074.1750000000002,18251.371500000001,1574.1750000000002,281,724.98,4,248]
[249,13808,"154\\1","PLO 16","MD",8.1999999999999993,68,"A","A",2.4900000000000002,5500,218,13695.000000000002,542.82000000000005,12681,31575.690000000002,7181,503.71400198609729,1254.2478649453824,5,249]
[250,13809,"154\\1","PLO 16","MD",12,77,"A","A",4.67,5500,218,25685,1018.06,16665.850000000002,77829.519500000009,11165.850000000002,662.00000000000011,3091.5400000000004,4,250]
[251,13810,"154\\1","PLO 16","MD",7,65,"C","B",1.94,3000,119,5820,230.85999999999999,1300,2522,-1700,51.638530287984111,100.17874875868917,1,251]
[252,13811,"154\\1","PLO 16","MD",7,54,"A","A",1.34,5500,218,7370,292.12,6545.5,8770.9700000000012,1045.5,260,348.40000000000003,2,252]
[253,13812,"154\\1","PLO 16","MD",8.9,69,"A","A",2.78,5500,218,15289.999999999998,606.04,7149.7,19876.165999999997,1649.6999999999998,284,789.52,4,253]
[254,13813,"154\\1","PLO 16","MD",8.5,77,"A","A",3.31,5500,218,18205,721.58,16665.850000000002,55163.963500000005,11165.850000000002,662.00000000000011,2191.2200000000003,6,254]
[255,13814,"154\\1","PLO 16","MD",6.4,70,"B","A",2.06,4000,159,8240,327.54000000000002,5881,12114.86,1881,233.60476663356505,481.22581926514403,2,255]
[256,13815,"154\\1","PLO 16","MD",9.3000000000000007,63,"A","A",2.4300000000000002,5500,218,13365,529.74,5281,12832.830000000002,-219,209.77159880834159,509.74498510427009,2,256]
[257,13816,"149\\6","PLO 33","DB",7.3,53,"A","A",1.37,10000,397,13700.000000000002,543.89,15809.9,21659.563000000002,5809.9,628,860.36,9,257]
[258,13817,"149\\6","PLO 33","DB",9.1,45,"C","C",1.22,4000,159,{"$f":"J260*K260","v":4880},{"$f":"J260*L260","v":193.98},1300,1586,-2700,51.638530287984111,62.999006951340611,2,258]
[259,13818,"149\\6","PLO 33","DB",11.6,47,"II","A",1.7,10000,397,17000,674.9,15306.4,26020.879999999997,5306.4,608,1033.5999999999999,10,259]
[260,13819,"149\\6","PLO 33","DB",11.5,46,"A","A",1.61,8000,318,12880,511.98,13493.800000000001,21725.018000000004,5493.8000000000011,536,862.96,7,260]
[261,13820,"149\\6","PLO 33","DB",6,48,"A","A",0.92,8000,318,7360,292.56,14450.45,13294.414000000001,6450.4500000000007,574,528.08000000000004,6,261]
[262,13821,"149\\6","PLO 33","DB",3.2,43,"A","A",0.39,8000,318,3120,124.02000000000001,9138.5249999999996,3564.02475,1138.5249999999996,363,141.57,2,262]
[263,13822,"149\\6","PLO 33","JV",5,56,"A","A",1.1599999999999999,2000,79,2320,91.64,1200,1392,-800,47.666335650446868,55.292949354518363,1,263]
[264,13823,"149\\6","PLO 33","DB",5.2,41,"B","B",0.57999999999999996,6000,238,3479.9999999999995,138.04,12990.300000000001,7534.3739999999998,6990.3000000000011,516,299.27999999999997,6,264]
[265,13824,"149\\6","PLO 33","DB",5.0999999999999996,44,"B","B",0.65,6000,238,3900,154.70000000000002,14148.35,9196.4274999999998,8148.35,562,365.3,6,265]
[266,13825,"149\\6","PLO 33","LP",5.6,50,"A","A",1.04,1900,75,1976,78,2643.375,2749.11,743.375,105,109.2,2,266]
[267,13826,"149\\6","PLO 33","DB",7.1,44,"II","A",0.91,10000,397,9100,361.27000000000004,15759.550000000001,14341.190500000001,5759.5500000000011,626,569.66,10,267]
[268,13827,"149\\6","PLO 33","DB",7.4,42,"A","A",0.86,8000,318,6880,273.48,14500.800000000001,12470.688,6500.8000000000011,576,495.36,7,268]
[269,13828,"149\\6","PLO 33","DB",7.7,55,"A","A",1.56,10000,397,15600,619.32000000000005,13997.300000000001,21835.788000000004,3997.3000000000011,556,867.36,7,269]
[270,13829,"149\\6","PLO 33","JV",4.3,46,"A","A",0.67,2000,79,1340,52.93,1200,804,-800,47.666335650446868,31.936444885799403,1,270]
[271,13830,"149\\6","PLO 33","DB",3.5,42,"B","B",0.41,6000,238,2460,97.58,13745.550000000001,5635.6755000000003,7745.5500000000011,546,223.85999999999999,3,271]
[272,13831,"149\\6","PLO 33","DB",4.8,42,"II","A",0.56000000000000005,10000,397,5600.0000000000009,222.32000000000002,13670.025,7655.2140000000009,3670.0249999999996,543,304.08000000000004,8,272]
[273,13832,"149\\6","PLO 33","DB",4.5999999999999996,46,"A","A",0.65,8000,318,5200,206.70000000000002,13997.300000000001,9098.2450000000008,5997.3000000000011,556,361.40000000000003,8,273]
[274,13833,"149\\6","PLO 33","DB",4.3,41,"II","A",0.48,10000,397,4800,190.56,16086.825000000001,7721.6760000000004,6086.8250000000007,639,306.71999999999997,10,274]
[275,13834,"149\\6","PLO 33","DB",3.5,52,"II","A",0.63,12000,477,7560,300.51,17270.05,10880.1315,5270.0499999999993,686,432.18,5,275]
[276,13835,"149\\6","PLO 33","DB",4.3,63,"II","A",1.1499999999999999,12000,477,13799.999999999998,548.54999999999995,23135.825000000001,26606.19875,11135.825000000001,919,1056.8499999999999,9,276]
[277,13836,"149\\6","PLO 33","DB",2.6,61,"B","A",0.65,7500,298,4875,193.70000000000002,15256.050000000001,9916.4325000000008,7756.0500000000011,606,393.90000000000003,4,277]
[278,13837,"149\\6","PLO 33","DB",7.6,47,"A","A",1.1100000000000001,8000,318,8880,352.98,12663.025,14055.957750000001,4663.0249999999996,502.99999999999994,558.33000000000004,9,278]
[279,13838,"149\\6","PLO 33","DB",6.6,43,"A","A",0.81,8000,318,6480,257.58000000000004,13493.800000000001,10929.978000000001,5493.8000000000011,536,434.16,6,279]
[280,13839,"149\\6","PLO 33","DB",6.5,41,"B","B",0.72,6000,238,4320,171.35999999999999,11731.550000000001,8446.7160000000003,5731.5500000000011,466.00000000000006,335.52000000000004,5,280]
[281,13840,"149\\6","PLO 33","LP",8,53,"B","B",1.67,1500,60,2505,100.19999999999999,1000,1670,-500,39.72194637537239,66.335650446871895,1,281]
[282,13841,"149\\6","PLO 33","DB",6.1,42,"B","B",0.71,6000,238,4260,168.98,13216.875,9383.9812499999989,7216.875,525,372.75,6,282]
[283,13842,"149\\6","PLO 33","DB",5.9,50,"A","A",0.98,10000,397,9800,389.06,16187.525,15863.7745,6187.5249999999996,643,630.14,9,283]
[284,13843,"154\\2","PLO 33","MD",12,56,"A","A",2.4700000000000002,5500,218,13585.000000000002,538.46,9881,24406.070000000003,4381,392.49255213505461,969.45660377358502,6,284]
[285,13844,"154\\2","PLO 33","MD",12,55,"A","A",2.38,5500,218,13090,518.84,13881,33036.78,8381,551.38033763654414,1312.285203574975,6,285]
[286,13845,"154\\2","PLO 33","MD",8.1999999999999993,59,"B","B",1.88,4000,159,7520,298.91999999999996,9063,17038.439999999999,5063,360,676.8,4,286]
[287,13846,"154\\2","PLO 33","MD",7.5,49,"A","A",1.18,5500,218,6490,257.24,7881,9299.58,2381,313.04865938430981,369.39741807348554,4,287]
[288,13847,"154\\2","PLO 33","MD",12,53,"A","A",2.21,5500,218,12155,481.78,9681,21395.01,4181,384.54816285998015,849.85143992055612,4,288]
[289,13848,"154\\2","PLO 33","MD",9.1,64,"B","A",2.4500000000000002,4000,159,9800,389.55,8881,21758.45,4881,352.77060575968221,864.28798411122148,5,289]
[290,13849,"154\\2","PLO 33","MD",7.2,64,"A","A",1.94,5500,218,10670,422.92,9037.8250000000007,17533.380499999999,3537.8250000000007,359,696.46,4,290]
[291,13850,"154\\2","PLO 33","MD",11.8,44,"A","A",1.49,5500,218,8195,324.82,8381,12487.69,2881,332.90963257199604,496.03535253227409,4,291]
[292,13851,"154\\2","PLO 33","MD",10.3,60,"B","A",2.44,4000,159,9760,387.96,11681,28501.64,7681,463.99205561072489,1132.1406156901687,4,292]
[293,13852,"154\\2","PLO 33","MD",11.2,58,"C","C",2.48,3000,119,7440,295.12,9481,23512.880000000001,6481,376.60377358490564,933.97735849056596,5,293]
[294,13853,"154\\2","PLO 33","MD",10.9,61,"B","A",2.67,4000,159,10680,424.53,7049,18820.829999999998,3049,280,747.6,5,294]
[295,13854,"154\\2","PLO 33","MD",12,61,"A","A",2.93,5500,218,16115,638.74,14581,42722.33,9081,579.18570009930488,1697.0141012909635,6,295]
[296,13855,"154\\2","PLO 33","MD",9,60,"B","A",2.13,4000,159,8520,338.66999999999996,13281,28288.53,9281,527.54716981132071,1123.6754716981131,5,296]
[297,13856,"148\\1","PLO 16","MD",11.9,63,"B","A",3.1,4000,159,12400,492.90000000000003,6293.75,19510.625,2293.75,250,775,4,297]
[298,13857,"148\\1","PLO 16","MD",12,50,"A","A",1.97,5500,218,10835,429.46,8581,16904.57,3081,340.8540218470705,671.48242303872883,5,298]
[299,13858,"148\\1","PLO 16","MD",11,49,"A","A",1.73,5500,218,9515,377.14,8581,14845.13,3081,340.8540218470705,589.67745779543191,4,299]
[300,13859,"148\\1","PLO 16","MD",12,63,"C","B",3.13,3000,119,9390,372.46999999999997,6881,21537.53,3881,273.32671300893742,855.5126117179741,5,300]
[301,13860,"148\\1","PLO 16","MD",10,50,"A","A",1.64,5500,218,9020,357.52,8559.5,14037.58,3059.5,340,557.6,4,301]
[302,13861,"148\\1","PLO 16","MD",12,58,"A","A",2.65,5500,218,14575,577.69999999999993,9214.0500000000011,24417.232500000002,3714.0500000000011,366.00000000000006,969.90000000000009,5,302]
[303,13862,"148\\1","PLO 16","MD",12,70,"A","A",3.86,5500,218,21230,841.48,12881,49720.659999999996,7381,511.6583912611718,1975.001390268123,5,303]
[304,13863,"148\\1","PLO 16","MD",12,53,"A","A",2.21,5500,218,12155,481.78,10881,24047.01,5381,432.21449851042701,955.19404170804364,5,304]
[305,13864,"148\\1","PLO 16","MD",12,58,"A","A",2.65,5500,218,14575,577.69999999999993,10422.450000000001,27619.4925,4922.4500000000007,414,1097.0999999999999,6,305]
[306,13865,"23\\2","PLO 36","MD",12,50,"A","A",1.97,5500,218,10835,429.46,7281,14343.57,1781,289.21549155908639,569.7545183714002,4,306]
[307,13866,"23\\2","PLO 36","MD",12,44,"B","B",1.52,4000,159,6080,241.68,6881,10459.120000000001,2881,273.32671300893742,415.4566037735849,4,307]
[308,13867,"23\\2","PLO 36","MD",11.9,59,"A","A",2.72,5500,218,14960.000000000002,592.96,10881,29596.320000000003,5381,432.21449851042701,1175.6234359483615,6,308]
[309,13868,"23\\2","PLO 36","MD",11.9,45,"B","B",1.58,4000,159,6320,251.22,4281,6763.9800000000005,281,170.0496524329692,268.67845084409134,3,309]
[310,13869,"23\\2","PLO 36","MD",12,48,"A","A",1.81,5500,218,9955,394.58,8181,14807.61,2681,324.96524329692153,588.18709036742803,4,310]
[311,13870,"23\\2","PLO 36","MD",12,60,"A","A",2.84,5500,218,15620,619.12,10422.450000000001,29599.758000000002,4922.4500000000007,414,1175.76,6,311]
[312,13871,"23\\2","PLO 36","MD",12,51,"A","A",2.0499999999999998,5500,218,11274.999999999998,446.9,8681,17796.05,3181,344.82621648460776,706.89374379344588,5,312]
[313,13872,"23\\2","PLO 36","MD",12,49,"B","B",1.89,4000,159,7560,300.51,5790.25,10943.5725,1790.25,230,434.7,3,313]
[314,13873,"23\\2","PLO 36","MD",12,57,"A","A",2.56,5500,218,14080,558.08000000000004,12881,32975.360000000001,7381,511.6583912611718,1309.8454816285998,5,314]
[315,13874,"23\\2","PLO 36","MD",12,55,"A","A",2.38,5500,218,13090,518.84,12881,30656.78,7381,511.6583912611718,1217.7469712015888,7,315]
[316,13875,"23\\2","PLO 36","MD",12,45,"A","A",1.59,5500,218,8745,346.62,8381,13325.79,2881,332.90963257199604,529.32631578947371,4,316]
[317,13876,"23\\2","PLO 36","MD",12,58,"A","A",2.65,5500,218,14575,577.69999999999993,12881,34134.65,7381,511.6583912611718,1355.8947368421052,6,317]
[318,13877,"23\\2","PLO 36","MD",12,49,"A","A",1.89,5500,218,10395,412.02,10381,19620.09,4881,412.35352532274078,779.34816285997999,5,318]
[319,13878,"149\\5","PLO 33","DB",11.6,51,"A","A",2.0099999999999998,10000,397,20099.999999999996,797.96999999999991,13493.800000000001,27122.538,3493.8000000000011,536,1077.3599999999999,6,319]
[320,13879,"149\\5","PLO 33","DB",11,57,"B","B",2.39,7500,298,17925,712.22,15322,36619.58,7822,608.61966236345575,1454.6009930486593,6,320]
[321,13880,"149\\5","PLO 33","DB",10,47,"A","A",1.47,8000,318,11760,467.46,15633.675000000001,22981.502250000001,7633.6750000000011,621,912.87,5,321]
[322,13881,"149\\5","PLO 33","DB",9.6,56,"II","A",2.0099999999999998,12000,477,{"$f":"J324*K324","v":24119.999999999996},{"$f":"J324*L324","v":958.76999999999987},21776.375,43770.513749999998,9776.375,865,1738.6499999999999,8,322]
[323,13882,"149\\5","PLO 33","DB",8.8000000000000007,44,"A","A",1.1299999999999999,8000,318,9040,359.34,15180.525,17153.99325,7180.5249999999996,603,681.39,7,323]
[324,13883,"149\\5","PLO 33","DB",12,46,"A","A",1.68,8000,318,13440,534.24,13997.300000000001,23515.464,5997.3000000000011,556,934.07999999999993,5,324]
[325,13884,"149\\5","PLO 33","DB",12,58,"A","A",2.7,10000,397,27000,1071.9000000000001,19837.900000000001,53562.330000000009,9837.9000000000015,788,2127.6000000000004,6,325]
[326,13885,"154\\4","PLO 16","MD",12,51,"A","A",2.0499999999999998,5500,218,11274.999999999998,446.9,6318.9250000000002,12953.796249999999,818.92500000000018,251,514.54999999999995,4,326]
[327,13886,"154\\4","PLO 16","MD",11,49,"B","B",1.73,4000,159,6920,275.07,6042,10452.66,2042,240,415.2,4,327]
[328,13887,"154\\4","PLO 16","MD",8.1,52,"B","B",1.44,4000,159,5760,228.95999999999998,7174.875,10331.82,3174.875,285,410.4,3,328]
[329,13888,"154\\4","PLO 16","MD",12,63,"B","A",3.13,4000,159,12520,497.66999999999996,7577.6750000000002,23718.122749999999,3577.6750000000002,301,942.13,4,329]
[330,13889,"154\\4","PLO 16","MD",11,53,"B","B",2.0299999999999998,4000,159,8119.9999999999991,322.77,6671.375,13542.891249999999,2671.375,265,537.94999999999993,3,330]
[331,13890,"154\\4","PLO 16","MD",10,68,"B","A",3.04,4000,159,12160,483.36,4881,14838.24,881,193.88282025819265,589.40377358490571,4,331]
[332,13891,"154\\4","PLO 16","MD",12,55,"A","A",2.38,5500,218,13090,518.84,10170.700000000001,24206.266,4670.7000000000007,404,961.52,3,332]
[333,13892,"154\\4","PLO 16","MD",12,55,"A","A",2.38,5500,218,13090,518.84,12881,30656.78,7381,511.6583912611718,1217.7469712015888,6,333]
[334,13893,"22\\1","PLO 33","MD",11,61,"A","A",2.69,5500,218,14795,586.41999999999996,14881,40029.89,9381,591.10228401191659,1590.0651439920557,6,334]
[335,13894,"22\\1","PLO 33","MD",11,53,"II","A",2.0299999999999998,7000,278,14209.999999999998,564.33999999999992,12681,25742.429999999997,5681,503.71400198609729,1022.5394240317773,6,335]
[336,13895,"22\\1","PLO 33","MD",8,47,"A","A",1.1599999999999999,5500,218,6380,252.88,9541.3250000000007,11067.937,4041.3250000000007,379,439.64,5,336]
[337,13896,"22\\1","PLO 33","MD",10,57,"C","C",2.13,3000,119,6390,253.47,6293.75,13405.6875,3293.75,250,532.5,6,337]
[338,13897,"22\\1","PLO 33","MD",10,52,"B","B",1.77,4000,159,7080,281.43,12681,22445.37,8681,503.71400198609729,891.57378351539217,5,338]
[339,13898,"22\\1","PLO 33","MD",11,51,"A","A",1.88,5500,218,10340,409.84,10681,20080.28,5181,424.27010923535249,797.6278053624626,5,339]
[340,13899,"22\\1","PLO 33","MD",10,52,"A","A",1.77,5500,218,9735,385.86,10281,18197.37,4781,408.38133068520358,722.83495531281039,5,340]
[341,13900,"22\\1","PLO 33","MD",8,50,"A","A",1.31,5500,218,7205,285.58,9581,12551.11,4081,380.5759682224429,498.55451837140021,6,341]
[342,13901,"22\\1","PLO 33","MD",11,63,"A","A",2.87,5500,218,15785,625.66,6293.75,18063.0625,793.75,250,717.5,4,342]
[343,13902,"22\\1","PLO 33","MD",10.9,54,"A","A",2.09,5500,218,11495,455.61999999999995,7174.875,14995.488749999999,1674.875,285,595.65,4,343]
[344,13903,"22\\1","PLO 33","MD",8,49,"A","A",1.26,5500,218,6930,274.68,8881,11190.06,3381,352.77060575968221,444.49096325719961,5,344]
[345,13904,"22\\1","PLO 33","MD",10,53,"B","B",1.84,4000,159,7360,292.56,8681,15973.04,4681,344.82621648460776,634.48023833167827,5,345]
[346,13905,"V1","PLO 36","DB",7.3,73,"C","B",2.63,5000,199,13150,523.37,15322,40296.86,10322,608.61966236345575,1600.6697120158885,7,346]
[347,13906,"V1","PLO 36","DB",9.1999999999999993,58,"A","A",2.0699999999999998,10000,397,20700,821.79,15322,31716.539999999997,5322,608.61966236345575,1259.8427010923533,8,347]
[348,13907,"V1","PLO 36","DB",9.1999999999999993,46,"A","A",1.29,8000,318,10320,410.22,14752.550000000001,19030.789500000003,6752.5500000000011,586,755.94,8,348]
[349,13908,"V1","PLO 36","DB",10.199999999999999,56,"A","A",2.14,10000,397,21400,849.58,13242.050000000001,28337.987000000005,3242.0500000000011,526,1125.6400000000001,4,349]
[350,13909,"V1","PLO 36","DB",10.199999999999999,54,"A","A",1.99,10000,397,19900,790.03,13997.300000000001,27854.627,3997.3000000000011,556,1106.44,5,350]
[351,13910,"V1","PLO 36","DB",9.1999999999999993,48,"A","A",1.41,8000,318,11280,448.38,13997.300000000001,19736.192999999999,5997.3000000000011,556,783.95999999999992,8,351]
[352,13911,"V1","PLO 36","DB",10.1,54,"A","A",1.97,10000,397,19700,782.09,13997.300000000001,27574.681,3997.3000000000011,556,1095.32,7,352]
[353,13912,"V1","PLO 36","DB",8.1999999999999993,63,"A","A",2.19,10000,397,21900,869.43,15322,33555.18,5322,608.61966236345575,1332.877060575968,8,353]
[354,13913,"V1","PLO 36","DB",8.1,50,"A","A",1.35,10000,397,13500,535.95000000000005,15322,20684.7,5322,608.61966236345575,821.63654419066529,7,354]
[355,13914,"V1","PLO 36","DB",7,51,"II","A",1.21,12000,477,14520,577.16999999999996,16942.775000000001,20500.757750000001,4942.7750000000015,673,814.32999999999993,9,355]
[356,13915,"V1","PLO 36","DB",7.3,60,"A","A",1.76,10000,397,17600,698.72,13745.550000000001,24192.168000000001,3745.5500000000011,546,960.96,7,356]
[357,13916,"149\\7","PLO 33","MD",5,50,"B","B",0.82,4000,159,3280,130.38,4556.6750000000002,3736.4735000000001,556.67500000000018,181,148.41999999999999,2,357]
[358,13917,"149\\7","PLO 33","DB",6.6,46,"II","A",0.93,10000,397,9300,369.21000000000004,15180.525,14117.88825,5180.5249999999996,603,560.79000000000008,8,358]
[359,13918,"149\\7","PLO 33","DB",7.7,54,"A","A",1.5,10000,397,15000,595.5,13745.550000000001,20618.325000000001,3745.5500000000011,546,819,6,359]
[360,13919,"V2","PLO 36","DB",8.1999999999999993,71,"A","A",2.79,10000,397,27900,1107.6300000000001,25905.075000000001,72275.159249999997,15905.075000000001,1029,2870.91,9,360]
[361,13920,"V2","PLO 36","DB",6.9,78,"A","A",2.84,10000,397,28400,1127.48,15734.375,44685.625,5734.375,625,1775,7,361]
[362,13921,"V2","PLO 36","DB",8.1,58,"D","C",1.83,3200,127,5856,232.41,1100,2013,-2100,43.694141012909633,79.960278053624634,2,362]
[363,13922,"V2","PLO 36","DB",9.1999999999999993,53,"C","C",1.72,5000,199,8600,342.28,10221.050000000001,17580.206000000002,5221.0500000000011,406.00000000000006,698.32,6,363]
[364,13923,"V2","PLO 36","DB",8.3000000000000007,54,"A","A",1.62,10000,397,16200.000000000002,643.14,13997.300000000001,22675.626000000004,3997.3000000000011,556,900.72,4,364]
[365,13924,"V2","PLO 36","DB",6,62,"B","A",1.55,7500,298,11625,461.90000000000003,15322,23749.100000000002,7822,608.61966236345575,943.36047666335639,6,365]
[366,13925,"V2","PLO 36","DB",3.9,49,"II","A",0.62,10000,397,6200,246.14,15507.800000000001,9614.8360000000011,5507.8000000000011,616,381.92,5,366]
[367,13926,"V2","PLO 36","DB",5,44,"A","A",0.64,8000,318,5120,203.52,16212.7,10376.128000000001,8212.7000000000007,644,412.16,7,367]
[368,13927,"V2","PLO 36","DB",3.9,56,"II","A",0.82,12000,477,9840,391.14,17698.025000000001,14512.380500000001,5698.0250000000015,703,576.45999999999992,7,368]
[369,13928,"V2","PLO 36","DB",5,44,"B","B",0.64,6000,238,3840,152.32,9581,6131.84,3581,380.5759682224429,243.56861966236346,5,369]
[370,13929,"V2","PLO 36","DB",3,51,"A","A",0.52,10000,397,5200,206.44,13881,7218.12,3881,551.38033763654414,286.71777557100296,5,370]
[371,13930,"V2","PLO 36","DB",3,51,"A","A",0.52,10000,397,5200,206.44,16061.65,8352.0580000000009,6061.65,638,331.76,6,371]
[372,13931,"V2","PLO 36","DB",4,45,"A","A",0.54,8000,318,4320,171.72,13821.075000000001,7463.3805000000011,5821.0750000000007,549,296.46000000000004,7,372]
[373,13932,"V2","PLO 36","DB",3,44,"A","A",0.38,8000,318,3040,120.84,10581,4020.78,2581,420.29791459781529,159.71320754716982,3,373]
[374,13933,"V2","PLO 36","DB",3.9,53,"A","A",0.73,10000,397,7300,289.81,17773.55,12974.691499999999,7773.5499999999993,706,515.38,7,374]
[375,13934,"V2","PLO 36","DB",3.9,49,"II","A",0.62,10000,397,6200,246.14,16439.275000000001,10192.3505,6439.2750000000015,653,404.86,5,375]
[376,13935,"V2","PLO 36","DB",4,54,"A","A",0.78,10000,397,7800,309.66000000000003,12581,9813.18,2581,499.74180734856009,389.79860973187687,4,376]
[377,13936,"V2","PLO 36","DB",3,45,"A","A",0.4,8000,318,3200,127.2,15986.125,6394.4500000000007,7986.125,635,254,4,377]
[378,13937,"V2","PLO 36","DB",4,47,"II","A",0.59,10000,397,5900,234.23,14828.075000000001,8748.5642499999994,4828.0750000000007,589,347.51,7,378]
[379,13938,"V2","PLO 36","DB",3.9,55,"II","A",0.79,12000,477,9480,376.83000000000004,17672.850000000002,13961.551500000003,5672.8500000000022,702.00000000000011,554.58000000000015,6,379]
[380,13939,"149\\7","PLO 35","ORC",6,39,"A","B",0.6,10000,397,6000,238.2,10095.175000000001,6057.1050000000005,95.175000000001091,401.00000000000006,240.60000000000002,3,380]
[381,13940,"149\\7","PLO 35","ORC",7.7,42,"A","A",0.9,10000,397,9000,357.3,10346.925000000001,9312.2325000000019,346.92500000000109,411.00000000000006,369.90000000000003,3,381]
[382,13941,"149\\7","PLO 33","DB",4.9000000000000004,50,"B","B",0.82,7500,298,6150,244.35999999999999,10472.800000000001,8587.6959999999999,2972.8000000000011,416.00000000000006,341.12,6,382]
[383,13942,"149\\7","PLO 33","DB",4.9000000000000004,42,"B","B",0.56999999999999995,6000,238,3419.9999999999995,135.66,10472.800000000001,5969.4960000000001,4472.8000000000011,416.00000000000006,237.12,6,383]
[384,13943,"149\\7","PLO 33","DB",4.9000000000000004,41,"A","A",0.54,8000,318,4320,171.72,13493.800000000001,7286.652000000001,5493.8000000000011,536,289.44,8,384]
[385,13944,"149\\7","PLO 33","DB",5,47,"II","A",0.73,10000,397,7300,289.81,16212.7,11835.271000000001,6212.7000000000007,644,470.12,9,385]
[386,13945,"149\\7","PLO 35","ORC",3,46,"B","B",0.42,8000,317,{"$f":"J388*K388","v":3360},{"$f":"J388*L388","v":133.13999999999999},8937.125,3753.5924999999997,937.125,355,149.1,4,386]
[387,13946,"149\\7","PLO 35","ORC",4.0999999999999996,71,"B","A",1.39,8000,317,11120,440.63,14727.375,20471.051249999997,6727.375,585,813.15,4,387]
[388,13947,"149\\7","PLO 35","ORC",3.9,42,"A","A",0.45,10000,397,4500,178.65,12209.875,5494.4437500000004,2209.875,485,218.25,4,388]
[389,13948,"149\\7","PLO 35","ORC",4.0999999999999996,49,"A","A",0.65,10000,397,6500,258.05,14727.375,9572.7937500000007,4727.375,585,380.25,4,389]
[390,13949,"149\\7","PLO 35","ORC",5,40,"A","A",0.53,10000,397,5300,210.41,10346.925000000001,5483.8702500000009,346.92500000000109,411.00000000000006,217.83000000000004,4,390]
[391,13950,"149\\7","PLO 33","DB",3.9,57,"A","A",0.85,10000,397,8500,337.45,14481,12308.85,4481,575.21350546176757,488.93147964250244,4,391]
[392,13951,"149\\7","PLO 33","DB",3.6,67,"II","A",1.0900000000000001,12000,477,13080.000000000002,519.93000000000006,"NEVYDRAŽENO","NEVYDRAŽENO","NEVYDRAŽENO","NEVYDRAŽENO","NEVYDRAŽENO",1,392]
[393,13952,"149\\7","PLO 33","DB",2.9,57,"D","C",0.63,3200,127,2016,80.010000000000005,7904.95,4980.1184999999996,4704.95,314,197.82,2,393]
[394,13953,"149\\7","PLO 33","DB",4,55,"A","A",0.81,10000,397,8100.0000000000009,321.57,14481,11729.61,4481,575.21350546176757,465.92293942403177,7,394]
[395,13954,"149\\7","PLO 33","DB",4,60,"A","A",0.97,10000,397,9700,385.09,15481,15016.57,5481,614.93545183714002,596.48738828202579,7,395]
[396,13955,"154\\4","PLO 16","MD",12,59,"B","B",2.75,4000,159,11000,437.25,6042,16615.5,2042,240,660,5,396]
[397,13956,"154\\4","PLO 16","MD",12,48,"A","A",1.81,5500,218,9955,394.58,3650.375,6607.17875,-1849.625,145,262.45,2,397]
[398,13957,"154\\4","PLO 16","MD",12.5,60,"A","A",2.96,5500,218,16280,645.28,9214.0500000000011,27273.588000000003,3714.0500000000011,366.00000000000006,1083.3600000000001,5,398]
[399,13958,"154\\4","PLO 16","MD",12,66,"A","A",3.44,5500,218,18920,749.92,9281,31926.639999999999,3781,368.65938430983118,1268.1882820258193,6,399]
[400,13959,"149\\5","PLO 33","DB",10.9,50,"A","A",1.81,10000,397,18100,718.57,15322,27732.82,5322,608.61966236345575,1101.601588877855,10,400]
[401,13960,"149\\5","PLO 33","DB",12,51,"B","B",2.08,7500,298,15600,619.84,16338.575000000001,33984.236000000004,8838.5750000000007,649,1349.92,6,401]
[402,13961,"149\\5","PLO 33","DB",9,49,"B","B",1.44,6000,238,8640,342.71999999999997,"NEVYDRAŽENO","NEVYDRAŽENO","NEVYDRAŽENO","NEVYDRAŽENO","NEVYDRAŽENO",2,402]
[403,13962,"149\\5","PLO 33","DB",11.3,56,"II","A",2.37,12000,477,28440,1130.49,17722,42001.14,5722,703.95233366434957,1668.3670307845086,6,403]
[404,13963,"149\\5","PLO 33","DB",12,47,"A","A",1.76,8000,318,14080,559.67999999999995,16338.575000000001,28755.892,8338.5750000000007,649,1142.24,11,404]
[405,13964,"149\\4","PLO 33","DB",11.3,48,"A","A",1.73,8000,318,13840,550.14,15306.4,26480.072,7306.4,608,1051.8399999999999,10,405]
[406,13965,"149\\4","PLO 33","DB",7.2,52,"A","A",1.3,10000,397,13000,516.1,13493.800000000001,17541.940000000002,3493.8000000000011,536,696.80000000000007,6,406]
[407,13966,"149\\4","PLO 33","DB",9.6,53,"A","A",1.8,10000,397,18000,714.6,15322,27579.600000000002,5322,608.61966236345575,1095.5153922542204,8,407]
[408,13967,"149\\4","PLO 33","DB",12,56,"A","A",2.52,10000,397,25200,1000.44,20794.55,52402.265999999996,10794.55,826,2081.52,5,408]
[409,13968,"149\\4","PLO 33","DB",11.6,42,"A","A",1.35,8000,318,10800,429.3,13493.800000000001,18216.63,5493.8000000000011,536,723.6,8,409]
[410,13969,"149\\4","PLO 33","DB",12,48,"II","A",1.84,10000,397,18400,730.48,15482.625,28488.030000000002,5482.625,615,1131.6000000000001,9,410]
[411,13970,"149\\4","PLO 33","DB",12,56,"II","A",2.52,12000,477,30240,1202.04,20794.55,52402.265999999996,8794.5499999999993,826,2081.52,8,411]
[412,13971,"149\\4","PLO 33","DB",12,53,"II","A",2.25,12000,477,27000,1073.25,16722,37624.5,4722,664.23038728897711,1494.5183714001985,7,412]
[413,13972,"149\\4","PLO 33","DB",6.2,40,"A","A",0.65,8000,318,5200,206.70000000000002,13418.275,8721.8787499999999,5418.2749999999996,533,346.45,6,413]
[414,13973,"149\\4","PLO 33","DB",11,53,"A","A",2.06,10000,397,20600,817.82,15322,31563.32,5322,608.61966236345575,1253.756504468719,9,414]
[415,13974,"149\\4","PLO 33","DB",11,61,"A","A",2.75,10000,397,27500,1091.75,19158.174999999999,52684.981249999997,9158.1749999999993,761,2092.75,9,415]
[416,13975,"149\\4","PLO 33","DB",12,54,"B","B",2.34,7500,298,17550,697.31999999999994,12738.550000000001,29808.207000000002,5238.5500000000011,506.00000000000006,1184.04,6,416]
[417,13976,"81\\6","PLO 35","DB",8,45,"II","A",1.07,10000,397,10700,424.79,14727.375,15758.29125,4727.375,585,625.95000000000005,9,417]
[418,13977,"81\\6","PLO 35","DB",7,46,"A","A",0.98,8000,318,7840,311.64,16766.55,16431.218999999997,8766.5499999999993,666,652.67999999999995,10,418]
[419,13978,"81\\6","PLO 35","DB",10,48,"II","A",1.53,10000,397,15300,607.41,14727.375,22532.883750000001,4727.375,585,895.05000000000007,8,419]
[420,13979,"81\\6","PLO 35","DB",11.1,56,"A","A",2.33,10000,397,23300,925.01,15322,35700.26,5322,608.61966236345575,1418.0838133068519,8,420]
[421,13980,"81\\6","PLO 35","DB",8,54,"II","A",1.56,12000,477,18720,744.12,19837.900000000001,30947.124000000003,7837.9000000000015,788,1229.28,9,421]
[422,13981,"81\\6","PLO 35","DB",10,51,"A","A",1.73,10000,397,17300,686.81,15322,26507.06,5322,608.61966236345575,1052.9120158887783,9,422]
[423,13982,"81\\6","PLO 35","DB",10,68,"A","A",3.12,10000,397,31200,1238.6400000000001,13997.300000000001,43671.576000000008,3997.3000000000011,556,1734.72,5,423]
[424,13983,"148\\2","PLO 16","MD",12,58,"A","A",2.65,5500,218,14575,577.69999999999993,8030.8249999999998,21281.686249999999,2530.8249999999998,319,845.35,4,424]
[425,13984,"148\\2","PLO 16","MD",12,67,"A","A",3.54,5500,218,19470,771.72,13881,49138.74,8381,551.38033763654414,1951.8863952333663,5,425]
[426,13985,"148\\2","PLO 16","MD",12,50,"A","A",1.97,5500,218,10835,429.46,10881,21435.57,5381,432.21449851042701,851.46256206554119,5,426]
[427,13986,"148\\2","PLO 16","MD",12,52,"A","A",2.13,5500,218,11715,464.34,12881,27436.53,7381,511.6583912611718,1089.8323733862958,3,427]
[428,13987,"148\\2","PLO 16","MD",9,56,"A","A",1.85,5500,218,10175,403.3,9681,17909.850000000002,4181,384.54816285998015,711.41410129096334,4,428]
[429,13988,"148\\2","PLO 16","MD",12,51,"A","A",2.0499999999999998,5500,218,11274.999999999998,446.9,7879.7750000000005,16153.53875,2379.7750000000005,313,641.65,5,429]
[430,13989,"148\\2","PLO 16","MD",12,52,"B","B",2.13,4000,159,8520,338.66999999999996,7879.7750000000005,16783.920750000001,3879.7750000000005,313,666.68999999999994,3,430]
[431,13990,"148\\2","PLO 16","MD",12,62,"B","A",3.03,4000,159,12120,481.77,4657.375,14111.846249999999,657.375,185,560.54999999999995,3,431]
[432,13991,"148\\2","PLO 16","MD",11.9,52,"A","A",2.11,5500,218,11605,459.97999999999996,8282.5750000000007,17476.233250000001,2782.5750000000007,329,694.18999999999994,5,432]
[433,13992,"148\\2","PLO 16","MD",12,58,"A","A",2.65,5500,218,14575,577.69999999999993,9566.5,25351.224999999999,4066.5,380,1007,5,433]
[434,13993,"148\\2","PLO 16","MD",7.6,62,"A","A",1.92,5500,218,10560,418.56,14881,28571.52,9381,591.10228401191659,1134.9163853028799,7,434]
[435,13994,"154\\3","PLO 16","MD",8.1999999999999993,74,"A","A",2.95,5500,218,16225.000000000002,643.1,8383.2749999999996,24730.661250000001,2883.2749999999996,333,982.35,5,435]
[436,13995,"154\\3","PLO 16","MD",7.9,64,"A","A",2.13,5500,218,11715,464.34,8886.7749999999996,18928.830749999997,3386.7749999999996,353,751.89,4,436]
[437,13996,"154\\3","PLO 16","MD",9.1999999999999993,78,"A","A",3.67,5500,218,20185,800.06,8408.4500000000007,30859.011500000001,2908.4500000000007,334,1225.78,4,437]
[438,13997,"154\\3","PLO 16","MD",8.1999999999999993,64,"B","A",2.21,4000,159,8840,351.39,6923.125,15300.106249999999,2923.125,275,607.75,3,438]
[439,13998,"154\\3","PLO 16","MD",10,66,"A","A",2.86,5500,218,15730,623.48,8408.4500000000007,24048.167000000001,2908.4500000000007,334,955.24,3,439]
[440,13999,"154\\3","PLO 16","MD",10,47,"A","A",1.45,5500,218,7975,316.09999999999997,7881,11427.449999999999,2381,313.04865938430981,453.92055610724924,4,440]
[441,14000,"154\\3","PLO 16","MD",12,53,"A","A",2.21,5500,218,12155,481.78,8681,19185.009999999998,3181,344.82621648460776,762.06593843098312,5,441]
[442,14001,"154\\3","PLO 16","MD",12,56,"A","A",2.4700000000000002,5500,218,13585.000000000002,538.46,10422.450000000001,25743.451500000003,4922.4500000000007,414,1022.58,5,442]
[443,14002,"154\\3","PLO 16","MD",10,51,"A","A",1.71,5500,218,9405,372.78,7174.875,12269.036249999999,1674.875,285,487.34999999999997,5,443]
[444,14003,"154\\3","PLO 16","MD",10,49,"A","A",1.57,5500,218,8635,342.26,6881,10803.17,1381,273.32671300893742,429.12293942403176,4,444]
[445,14004,"154\\3","PLO 16","MD",10,54,"B","B",1.91,4000,159,7640,303.69,4657.375,8895.5862500000003,657.375,185,353.34999999999997,3,445]
[446,14005,"154\\3","PLO 16","MD",7.1,56,"B","B",1.46,4000,159,5840,232.14,4481,6542.26,481,177.99404170804368,259.87130089374375,3,446]
[447,14006,"154\\3","PLO 16","MD",6,52,"A","A",1.06,5500,218,5830,231.08,6181,6551.8600000000006,681,245.52135054617676,260.25263157894739,2,447]
[448,14007,"81\\6","PLO 35","ORC",10,74,"A","A",3.7,10000,397,37000,1468.9,43527.575000000004,161052.02750000003,33527.575000000004,1729.0000000000002,6397.3000000000011,9,448]
[449,14008,"81\\5","PLO 35","ORC",11,51,"A","A",1.91,10000,397,19100,758.27,12814.075000000001,24474.883249999999,2814.0750000000007,509,972.18999999999994,5,449]
[450,14009,"81\\5","PLO 35","ORC",10.9,43,"II","A",1.33,12000,477,{"$f":"J452*K452","v":15960},{"$f":"J452*L452","v":634.41000000000008},18856.075000000001,25078.579750000001,6856.0750000000007,749,996.17000000000007,4,450]
[451,14010,"81\\5","PLO 35","ORC",9.5,60,"A","A",2.29,10000,397,22900,909.13,34288.35,78520.321499999991,24288.35,1362,3118.98,9,451]
[452,14011,"81\\5","PLO 35","ORC",9.9,63,"II","A",2.64,12000,477,31680,1259.28,34288.35,90521.244000000006,22288.35,1362,3595.6800000000003,8,452]
[453,14012,"81\\5","PLO 35","ORC",6.6,39,"A","B",0.66,10000,397,6600,262.02000000000004,11353.925000000001,7493.5905000000012,1353.9250000000011,451.00000000000006,297.66000000000003,5,453]
[454,14013,"81\\5","PLO 35","ORC",9,58,"A","A",2.0299999999999998,10000,397,20299.999999999996,805.91,26660.325000000001,54120.459749999995,16660.325000000001,1059,2149.77,6,454]
[455,14014,"81\\5","PLO 35","ORC",10,65,"II","A",2.84,12000,477,34080,1354.6799999999998,39323.35,111678.31399999998,27323.35,1562,4436.08,9,455]
[456,14015,"81\\5","PLO 35","ORC",10.9,51,"II","A",1.89,12000,477,22680,901.53,18604.325000000001,35162.174249999996,6604.3250000000007,739,1396.71,5,456]
[457,14016,"81\\5","PLO 35","ORC",9.9,62,"A","A",2.56,10000,397,25600,1016.32,18352.575000000001,46982.592000000004,8352.5750000000007,729,1866.24,5,457]
[458,14017,"81\\5","PLO 35","ORC",10.9,51,"II","A",1.89,12000,477,22680,901.53,20366.575000000001,38492.82675,8366.5750000000007,809,1529.01,4,458]
[459,14018,88,"PLO 35","ORC",9.9,48,"B","B",1.52,8000,317,12160,481.84000000000003,12209.875,18559.009999999998,4209.875,485,737.2,4,459]
[460,14019,88,"PLO 35","ORC",9,49,"II","A",1.44,12000,477,17280,686.88,19359.575000000001,27877.788,7359.5750000000007,769,1107.3599999999999,5,460]
[461,14020,88,"PLO 35","ORC",9.1999999999999993,51,"B","B",1.59,8000,317,12720,504.03000000000003,18856.075000000001,29981.159250000004,10856.075000000001,749,1190.9100000000001,5,461]
[462,14021,88,"PLO 35","ORC",7,50,"A","A",1.17,10000,397,11700,464.48999999999995,24142.825000000001,28247.105250000001,14142.825000000001,959,1122.03,5,462]
[463,14022,88,"PLO 35","ORC",9.1,60,"II","A",2.2000000000000002,12000,477,26400.000000000004,1049.4000000000001,16086.825000000001,35391.015000000007,4086.8250000000007,639,1405.8000000000002,4,463]
[464,14023,88,"PLO 35","ORC",7.1,41,"C","C",0.79,4000,159,3160,125.61,7174.875,5668.1512499999999,3174.875,285,225.15,3,464]
[465,14024,88,"PLO 35","ORC",6.8,36,"B","C",0.57999999999999996,8000,317,4640,183.85999999999999,9692.375,5621.5774999999994,1692.375,385,223.29999999999998,4,465]
[466,14025,88,"PLO 35","ORC",9.6999999999999993,58,"A","A",2.19,10000,397,21900,869.43,26156.825000000001,57283.446750000003,16156.825000000001,1039,2275.41,5,466]
[467,14026,88,"PLO 35","ORC",11,55,"II","A",2.2200000000000002,12000,477,26640.000000000004,1058.94,25905.075000000001,57509.266500000005,13905.075000000001,1029,2284.38,5,467]
[468,14027,88,"PLO 35","ORC",9.3000000000000007,52,"D","C",1.68,2000,79,3360,132.72,18604.325000000001,31255.266,16604.325000000001,739,1241.52,4,468]
[469,14028,88,"PLO 35","ORC",11,60,"B","A",2.66,8000,317,21280,843.22,25653.325000000001,68237.844500000007,17653.325000000001,1019,2710.54,5,469]
[470,14029,88,"PLO 35","ORC",9,44,"C","C",1.1499999999999999,4000,159,4600,182.85,10296.575000000001,11841.061250000001,6296.5750000000007,409,470.34999999999997,4,470]
[471,14030,88,"PLO 35","ORC",6.1,38,"B","C",0.57999999999999996,8000,317,4640,183.85999999999999,9692.375,5621.5774999999994,1692.375,385,223.29999999999998,3,471]
[472,14031,88,"PLO 35","ORC",6.5,59,"D","C",1.52,2000,79,3040,120.08,3046.1750000000002,4630.1860000000006,1046.1750000000002,121,183.92000000000002,3,472]
[473,14032,88,"PLO 35","ORC",10,46,"II","A",1.4,12000,477,16800,667.8,19359.575000000001,27103.404999999999,7359.5750000000007,769,1076.5999999999999,4,473]
[474,14033,88,"PLO 35","ORC",11,44,"A","A",1.41,10000,397,14100,559.77,16338.575000000001,23037.390749999999,6338.5750000000007,649,915.08999999999992,4,474]
[475,14034,88,"PLO 35","ORC",9.3000000000000007,48,"II","A",1.42,12000,477,17040,677.33999999999992,20870.075000000001,29635.5065,8870.0750000000007,829,1177.1799999999998,4,475]
[476,14035,88,"PLO 35","ORC",9,32,"A","C",0.6,10000,397,6000,238.2,12209.875,7325.9250000000002,2209.875,485,291,3,476]
[477,14036,88,"PLO 35","ORC",10.8,46,"II","A",1.52,12000,477,18240,725.04,17849.075000000001,27130.594000000001,5849.0750000000007,709,1077.68,4,477]
[478,14037,88,"PLO 35","ORC",4.8,58,"A","A",1.08,10000,397,10800,428.76000000000005,19611.325000000001,21180.231000000003,9611.3250000000007,779,841.32,5,478]
[479,14038,88,"PLO 35","ORC",2.6,57,"C","C",0.56999999999999995,4000,159,2280,90.63,5916.125,3372.1912499999999,1916.125,235,133.94999999999999,4,479]
[480,14039,88,"PLO 35","ORC",3.1,40,"C","C",0.33,4000,159,1320,52.470000000000006,5916.125,1952.3212500000002,1916.125,235,77.55,3,480]
[481,14040,88,"PLO 35","ORC",2.4,42,"B","B",0.28000000000000003,8000,317,2240,88.76,4556.6750000000002,1275.8690000000001,-3443.3249999999998,181,50.680000000000007,2,481]
[482,14041,88,"PLO 35","ORC",3.9,33,"B","C",0.28000000000000003,8000,317,2240,88.76,3801.4250000000002,1064.3990000000001,-4198.5749999999998,151,42.28,2,482]
[483,14042,88,"PLO 35","ORC",3,53,"A","A",0.56000000000000005,10000,397,5600.0000000000009,222.32000000000002,11807.075000000001,6611.9620000000014,1807.0750000000007,469,262.64000000000004,5,483]
[484,14043,88,"PLO 35","ORC",2.5,53,"D","C",0.47,2000,79,940,37.129999999999995,2769.25,1301.5474999999999,769.25,110,51.699999999999996,3,484]
[485,14044,88,"PLO 35","ORC",3,34,"C","C",0.23,4000,159,920,36.57,2769.25,636.92750000000001,-1230.75,110,25.3,2,485]
[486,14045,88,"PLO 35","ORC",9.4,50,"II","A",1.56,12000,477,18720,744.12,24394.575000000001,38055.537000000004,12394.575000000001,969,1511.64,4,486]
[487,14046,88,"PLO 35","ORC",8.4,33,"C","C",0.59,4000,159,2360,93.809999999999988,7074.1750000000002,4173.76325,3074.1750000000002,281,165.79,3,487]
[488,14047,88,"PLO 35","ORC",7.8,44,"B","B",1,8000,317,8000,317,9692.375,9692.375,1692.375,385,385,3,488]
[489,14048,88,"PLO 35","ORC",8.6,55,"D","C",1.74,2000,79,3480,137.46,3801.4250000000002,6614.4795000000004,1801.4250000000002,151,262.74,2,489]
[490,14049,88,"PLO 35","JS",2.9,66,"A","A",0.85,3500,139,2975,118.14999999999999,9113.35,7746.3474999999999,5613.35,362,307.7,4,490]
[491,14050,88,"PLO 35","JS",3.1,61,"A","A",0.77,3500,139,2695,107.03,9113.35,7017.2795000000006,5613.35,362,278.74,6,491]
[492,14051,88,"PLO 35","ORC",7.6,37,"B","C",0.68,8000,317,5440,215.56,9692.375,6590.8150000000005,1692.375,385,261.8,4,492]
[493,14052,88,"PLO 35","ORC",9.4,51,"D","C",1.63,2000,79,3260,128.76999999999998,2039.175,3323.8552499999996,39.174999999999955,81,132.03,2,493]
[494,14053,88,"PLO 35","ORC",7.3,55,"II","A",1.48,12000,477,17760,705.96,13468.625,19933.564999999999,1468.625,535,791.8,4,494]
[495,14054,88,"PLO 35","ORC",5,53,"B","B",0.94,8000,317,7520,297.97999999999996,11353.925000000001,10672.6895,3353.9250000000011,451.00000000000006,423.94000000000005,4,495]
[496,14055,88,"PLO 35","ORC",6.9,36,"B","C",0.57999999999999996,8000,317,4640,183.85999999999999,8081.1750000000002,4687.0815000000002,81.175000000000182,321,186.17999999999998,3,496]
[497,14056,88,"PLO 35","ORC",10.9,52,"A","A",1.97,10000,397,19700,782.09,16489.625,32484.561249999999,6489.625,655,1290.3499999999999,4,497]
[498,14057,88,"PLO 35","JS",9.8000000000000007,66,"II","A",2.87,4500,179,12915,513.73,7854.6,22542.702000000001,3354.6000000000004,312,895.44,10,498]
[499,14058,88,"PLO 35","JS",9.3000000000000007,70,"A","A",3.07,3500,139,10745,426.72999999999996,13065.825000000001,40112.082750000001,9565.8250000000007,519,1593.33,10,499]
[500,14059,88,"PLO 35","JS",8.9,74,"B","A",3.29,3000,119,9870,391.51,8861.6,29154.664000000001,5861.6,352,1158.08,9,500]
[501,14060,88,"PLO 35","JS",6.3,55,"II","A",1.27,4500,179,5715,227.33,11555.325000000001,14675.262750000002,7055.3250000000007,459,582.93000000000006,9,501]
[502,14061,88,"PLO 35","JS",8.3000000000000007,57,"A","A",1.81,3500,139,6335,251.59,6042,10936.02,2542,240,434.40000000000003,7,502]
[503,14062,88,"PLO 35","JS",9.9,51,"A","A",1.72,3500,139,6020,239.07999999999998,7779.0749999999998,13380.009,4279.0749999999998,309,531.48,9,503]
[504,14063,88,"PLO 35","JS",9.9,84,"A","A",4.7300000000000004,3500,139,16555,657.47,11630.85,55013.920500000007,8130.85,462,2185.2600000000002,8,504]
[505,14064,88,"PLO 35","JS",5.0999999999999996,52,"II","A",0.92,4500,179,4140,164.68,10296.575000000001,9472.849000000002,5796.5750000000007,409,376.28000000000003,10,505]
[506,14065,88,"PLO 35","JS",6.1,51,"A","A",1.06,3500,139,3710,147.34,9037.8250000000007,9580.0945000000011,5537.8250000000007,359,380.54,10,506]
[507,14066,88,"PLO 35","JS",5.8,56,"A","A",1.22,3500,139,4270,169.57999999999998,8786.0750000000007,10719.011500000001,5286.0750000000007,349,425.78,10,507]
[508,14067,88,"PLO 35","JS",5.4,60,"A","A",1.3,3500,139,4550,180.70000000000002,6042,7854.6,2542,240,312,6,508]
[509,14068,88,"PLO 35","JS",7.9,59,"A","A",1.84,3500,139,6440,255.76000000000002,10296.575000000001,18945.698000000004,6796.5750000000007,409,752.56000000000006,10,509]
[510,14069,88,"PLO 35","JS",8.6999999999999993,64,"B","A",2.4,3000,119,7200,285.59999999999997,8282.5750000000007,19878.18,5282.5750000000007,329,789.6,7,510]
[511,14070,88,"PLO 35","JS",7,55,"A","A",1.42,3500,139,4970,197.38,6042,8579.64,2542,240,340.79999999999995,9,511]
[512,14071,88,"PLO 35","JS",6,51,"II","A",1.04,4500,179,4680,186.16,9113.35,9477.884,4613.3500000000004,362,376.48,10,512]
[513,14072,88,"PLO 35","JS",8.1,61,"A","A",2.02,3500,139,7070,280.78000000000003,11303.575000000001,22833.221500000003,7803.5750000000007,449,906.98,10,513]
[514,14073,88,"PLO 35","JS",7.1,63,"C","B",1.89,2300,91,{"$f":"J516*K516","v":4347},{"$f":"J516*L516","v":171.98999999999998},10623.85,20079.076499999999,8323.85,422,797.57999999999993,9,514]
[515,14074,88,"PLO 35","JS",7.6,55,"C","C",1.54,2300,91,3542,140.14000000000001,8534.3250000000007,13142.860500000001,6234.3250000000007,339,522.06000000000006,8,515]
[516,14075,88,"PLO 35","JS",12,69,"II","A",3.85,4500,179,17325,689.15,12637.85,48655.722500000003,8137.85,502,1932.7,10,516]
[517,14076,88,"PLO 35","JS",8,67,"A","A",2.42,3500,139,8470,336.38,9113.35,22054.307000000001,5613.35,362,876.04,9,517]
[518,14077,88,"PLO 35","JS",7.6,74,"II","A",2.81,4500,179,12645,502.99,10372.1,29145.601000000002,5872.1,412,1157.72,9,518]
[519,14078,88,"PLO 35","JS",4.5,62,"B","A",1.1599999999999999,3000,119,3479.9999999999995,138.04,8861.6,10279.456,5861.6,352,408.32,9,519]
[520,14079,88,"PLO 35","JS",4.5,64,"C","B",1.24,2300,91,2852,112.84,4783.25,5931.23,2483.25,190,235.6,4,520]
[521,14080,88,"PLO 35","JS",6,78,"II","A",2.4700000000000002,4500,179,11115,442.13000000000005,7074.1750000000002,17473.21225,2574.1750000000002,281,694.07,8,521]
[522,14081,88,"PLO 35","JS",11,55,"A","A",2.2200000000000002,3500,139,7770.0000000000009,308.58000000000004,10800.075000000001,23976.166500000003,7300.0750000000007,429,952.38000000000011,9,522]
[523,14082,88,"PLO 35","JS",9.4,63,"A","A",2.5099999999999998,3500,139,8785,348.89,13317.575000000001,33427.113250000002,9817.5750000000007,529,1327.79,12,523]
[524,14083,88,"PLO 35","JS",5.4,76,"B","A",2.11,3000,119,6330,251.08999999999997,11303.575000000001,23850.543249999999,8303.5750000000007,449,947.39,8,524]
[525,14084,88,"PLO 35","JS",5.7,66,"A","A",1.67,3500,139,5845,232.13,7074.1750000000002,11813.87225,3574.1750000000002,281,469.27,8,525]
[526,14085,88,"PLO 35","JS",5,59,"II","A",1.17,4500,179,5265,209.42999999999998,11555.325000000001,13519.730250000001,7055.3250000000007,459,537.03,10,526]
[527,14086,144,"PLO 30","MD",9.1,46,"A","A",1.26,5500,218,6930,274.68,5639.2,7105.3919999999998,139.19999999999982,224,282.24,3,527]
[528,14087,144,"PLO 30","MD",10,47,"A","A",1.45,5500,218,7975,316.09999999999997,6344.1,9198.9449999999997,844.10000000000036,252,365.4,2,528]
[529,14088,144,"PLO 30","MD",9,49,"A","A",1.42,5500,218,7810,309.56,5639.2,8007.6639999999998,139.19999999999982,224,318.08,2,529]
[530,14089,144,"PLO 30","MD",10,55,"A","A",1.99,5500,218,10945,433.82,8383.2749999999996,16682.717249999998,2883.2749999999996,333,662.67,2,530]
[531,14090,144,"PLO 30","MD",10,50,"A","A",1.64,5500,218,9020,357.52,6444.8,10569.472,944.80000000000018,256,419.84,3,531]
[532,14091,144,"PLO 30","MD",9,54,"A","A",1.72,5500,218,9460,374.96,7879.7750000000005,13553.213000000002,2379.7750000000005,313,538.36,3,532]
[533,14092,144,"PLO 30","MD",9.1,45,"A","A",1.2,5500,218,6600,261.59999999999997,4028,4833.5999999999995,-1472,160,192,2,533]
[534,14093,144,"PLO 30","MD",9,47,"A","A",1.3,5500,218,7150,283.40000000000003,5639.2,7330.96,139.19999999999982,224,291.2,2,534]
[535,14094,144,"PLO 30","MD",8.1,54,"A","A",1.55,5500,218,8525,337.90000000000003,6444.8,9989.44,944.80000000000018,256,396.8,2,535]
[536,14095,144,"PLO 30","MD",10,50,"A","A",1.64,5500,218,9020,357.52,5815.4250000000002,9537.2970000000005,315.42500000000018,231,378.84,3,536]
[537,14096,144,"PLO 30","MD",10,49,"A","A",1.57,5500,218,8635,342.26,5916.125,9288.3162499999999,416.125,235,368.95,3,537]
[538,14097,144,"PLO 30","MD",10,46,"A","A",1.38,5500,218,7589.9999999999991,300.83999999999997,3650.375,5037.5174999999999,-1849.625,145,200.1,2,538]
[539,14098,144,"PLO 30","MD",10,50,"A","A",1.64,5500,218,9020,357.52,6444.8,10569.472,944.80000000000018,256,419.84,3,539]
[540,14099,144,"PLO 30","MD",8,53,"A","A",1.47,5500,218,8085,320.45999999999998,5689.55,8363.6385000000009,189.55000000000018,226,332.21999999999997,2,540]
[541,14100,144,"PLO 30","MD",10,56,"A","A",2.06,5500,218,11330,449.08,7174.875,14780.2425,1674.875,285,587.1,2,541]
[542,14101,144,"PLO 30","MD",10,46,"A","A",1.38,5500,218,7589.9999999999991,300.83999999999997,4053.1750000000002,5593.3814999999995,-1446.8249999999998,161,222.17999999999998,2,542]
[543,14102,144,"PLO 30","MD",9.1,52,"A","A",1.61,5500,218,8855,350.98,7250.4000000000005,11673.144000000002,1750.4000000000005,288,463.68,2,543]
[544,14103,144,"PLO 30","MD",10,53,"A","A",1.84,5500,218,10120,401.12,7879.7750000000005,14498.786000000002,2379.7750000000005,313,575.92000000000007,2,544]
[545,14104,144,"PLO 30","MD",8,44,"A","A",1.01,5500,218,5555,220.18,2895.125,2924.0762500000001,-2604.875,115,116.15,2,545]
[546,14105,88,"PLO 35","JS",7,61,"II","A",1.75,4500,179,7875,313.25,7628.0250000000005,13349.043750000001,3128.0250000000005,303,530.25,9,546]
[547,14106,88,"PLO 35","JS",6.3,55,"II","A",1.27,4500,179,5715,227.33,11303.575000000001,14355.540250000002,6803.5750000000007,449,570.23,10,547]
[548,14107,88,"PLO 35","JS",8.4,59,"A","A",1.96,3500,139,6860,272.44,8358.1,16381.876,4858.1000000000004,332,650.72,9,548]
[549,14108,88,"PLO 35","JS",7,48,"A","A",1.07,3500,139,3745,148.73000000000002,8358.1,8943.1670000000013,4858.1000000000004,332,355.24,10,549]
[550,14109,88,"PLO 35","JS",8.3000000000000007,65,"II","A",2.36,4500,179,10620,422.44,10548.325000000001,24894.046999999999,6048.3250000000007,419,988.83999999999992,11,550]
[551,14110,88,"PLO 35","JS",6.5,74,"II","A",2.4,4500,179,10800,429.59999999999997,13317.575000000001,31962.18,8817.5750000000007,529,1269.5999999999999,10,551]
[552,14111,88,"PLO 35","JS",5,76,"B","A",1.95,3000,119,5850,232.04999999999998,9616.85,18752.857500000002,6616.85,382,744.9,7,552]
[553,14112,88,"PLO 35","JS",5.8,64,"II","A",1.6,4500,179,7200,286.40000000000003,10120.35,16192.560000000001,5620.35,402,643.20000000000005,8,553]
[554,14113,88,"PLO 35","JS",4,62,"II","A",1.03,4500,179,4635,184.37,9616.85,9905.3555000000015,5116.8500000000004,382,393.46000000000004,8,554]
[555,14114,88,"PLO 35","JS",4.5999999999999996,75,"B","A",1.75,3000,119,5250,208.25,7074.1750000000002,12379.80625,4074.1750000000002,281,491.75,7,555]
[556,14115,88,"PLO 35","JS",7.9,56,"A","A",1.66,3500,139,5810,230.73999999999998,9037.8250000000007,15002.789500000001,5537.8250000000007,359,595.93999999999994,10,556]
[557,14116,88,"PLO 35","JS",6.7,72,"A","A",2.34,3500,139,8189.9999999999991,325.26,11807.075000000001,27628.555499999999,8307.0750000000007,469,1097.46,10,557]
[558,14117,88,"PLO 35","JS",6.8,63,"A","A",1.81,3500,139,6335,251.59,6042,10936.02,2542,240,434.40000000000003,8,558]
[559,14118,88,"PLO 35","JS",7.5,62,"A","A",1.94,3500,139,6790,269.65999999999997,11127.35,21587.059000000001,7627.35,442,857.48,10,559]
[560,14119,88,"PLO 35","JS",5.4,82,"B","A",2.46,3000,119,7380,292.74,5790.25,14244.014999999999,2790.25,230,565.79999999999995,7,560]
[561,14120,88,"PLO 35","JS",4.9000000000000004,73,"B","A",1.76,3000,119,5280,209.44,9113.35,16039.496000000001,6113.35,362,637.12,9,561]
[562,14121,88,"PLO 35","JS",5.7,57,"A","A",1.24,3500,139,4340,172.35999999999999,9037.8250000000007,11206.903,5537.8250000000007,359,445.16,9,562]
[563,14122,88,"PLO 35","JS",5.6,61,"B","A",1.4,3000,119,4200,166.6,5790.25,8106.3499999999995,2790.25,230,322,5,563]
[564,14123,88,"PLO 35","JS",4.5999999999999996,77,"B","A",1.84,3000,119,5520,218.96,8609.85,15842.124000000002,5609.85,342,629.28,8,564]
[565,14124,88,"PLO 35","JS",7.4,82,"B","A",3.37,3000,119,10110,401.03000000000003,9868.6,33257.182000000001,6868.6,392,1321.04,9,565]
[566,14125,88,"PLO 35","JS",5.2,69,"A","A",1.67,3500,139,5845,232.13,8609.85,14378.449500000001,5109.8500000000004,342,571.14,8,566]
[567,14126,88,"PLO 35","JS",6,61,"A","A",1.5,3500,139,5250,208.5,8358.1,12537.150000000001,4858.1000000000004,332,498,11,567]
[568,14127,88,"PLO 35","JS",3.2,100,"A","A",2.1800000000000002,3500,139,7630.0000000000009,303.02000000000004,8358.1,18220.658000000003,4858.1000000000004,332,723.7600000000001,7,568]
[569,14128,88,"PLO 35","JS",7.8,58,"II","A",1.76,4500,179,7920,315.04000000000002,7628.0250000000005,13425.324000000001,3128.0250000000005,303,533.28,8,569]
[570,14129,88,"PLO 35","JS",7.2,63,"A","A",1.92,3500,139,6720,266.88,10296.575000000001,19769.423999999999,6796.5750000000007,409,785.28,10,570]
[571,14130,88,"PLO 35","JS",6.1,60,"II","A",1.47,4500,179,6615,263.13,11555.325000000001,16986.32775,7055.3250000000007,459,674.73,10,571]
[572,14131,88,"PLO 35","JS",4.9000000000000004,72,"A","A",1.71,3500,139,5985,237.69,8786.0750000000007,15024.188250000001,5286.0750000000007,349,596.79,9,572]
[573,14132,88,"PLO 35","JS",4.2,65,"II","A",1.19,4500,179,5355,213.01,11555.325000000001,13750.83675,7055.3250000000007,459,546.20999999999992,10,573]
[574,14133,88,"PLO 35","JS",4.9000000000000004,73,"A","A",1.76,3500,139,6160,244.64000000000001,10120.35,17811.816000000003,6620.35,402,707.52,10,574]
[575,14134,88,"PLO 35","JS",5,60,"B","A",1.21,3000,119,3630,143.99,8786.0750000000007,10631.150750000001,5786.0750000000007,349,422.28999999999996,7,575]
[576,14135,88,"PLO 35","JS",5,57,"A","A",1.0900000000000001,3500,139,3815.0000000000005,151.51000000000002,6772.0749999999998,7381.5617500000008,3272.0749999999998,269,293.21000000000004,7,576]
[577,14136,88,"PLO 35","JS",5,64,"II","A",1.38,4500,179,6209.9999999999991,247.01999999999998,11807.075000000001,16293.763499999999,7307.0750000000007,469,647.21999999999991,11,577]
[578,14137,88,"PLO 35","JS",3.4,68,"II","A",1.06,4500,179,{"$f":"J580*K580","v":4770},{"$f":"J580*L580","v":189.74},12310.575000000001,13049.209500000001,7810.5750000000007,489,518.34,8,578]
[579,14138,88,"PLO 35","JS",4.2,68,"A","A",1.31,3500,139,4585,182.09,12310.575000000001,16126.853250000002,8810.5750000000007,489,640.59,11,579]
[580,14139,88,"PLO 35","JS",3.4,66,"A","A",1,3500,139,3500,139,11303.575000000001,11303.575000000001,7803.5750000000007,449,449,8,580]
[581,14140,88,"PLO 35","JS",6.2,71,"A","A",2.11,3500,139,7385,293.28999999999996,6042,12748.619999999999,2542,240,506.4,6,581]
[582,14141,"149\\3","PLO 33","DB",8.6,59,"A","A",2.0099999999999998,10000,397,20099.999999999996,797.96999999999991,13242.050000000001,26616.520499999999,3242.0500000000011,526,1057.26,6,582]
[583,14142,"149\\3","PLO 33","DB",8.8000000000000007,53,"B","B",1.65,7500,298,12375,491.7,12486.800000000001,20603.22,4986.8000000000011,496.00000000000006,818.40000000000009,6,583]
[584,14143,"149\\3","PLO 33","DB",7,57,"A","A",1.52,10000,397,15200,603.44000000000005,13997.300000000001,21275.896000000001,3997.3000000000011,556,845.12,3,584]
[585,14144,"149\\3","PLO 33","DB",6.5,40,"B","B",0.68,6000,238,4080.0000000000005,161.84,11731.550000000001,7977.4540000000015,5731.5500000000011,466.00000000000006,316.88000000000005,4,585]
[586,14145,"149\\3","PLO 33","DB",6.1,55,"A","A",1.23,10000,397,12300,488.31,13997.300000000001,17216.679,3997.3000000000011,556,683.88,2,586]
[587,14146,"149\\3","PLO 33","DB",5.7,66,"B","A",1.67,7500,298,12525,497.65999999999997,11731.550000000001,19591.6885,4231.5500000000011,466.00000000000006,778.22,6,587]
[588,14147,"149\\3","PLO 33","DB",5.9,54,"A","A",1.1499999999999999,10000,397,11500,456.54999999999995,13997.300000000001,16096.895,3997.3000000000011,556,639.4,6,588]
[589,14148,"149\\3","PLO 33","DB",8.3000000000000007,49,"A","A",1.33,8000,318,10640,422.94,13493.800000000001,17946.754000000001,5493.8000000000011,536,712.88,8,589]
[590,14149,"149\\3","PLO 33","DB",6.8,54,"A","A",1.32,10000,397,13200,524.04000000000008,13493.800000000001,17811.816000000003,3493.8000000000011,536,707.52,6,590]
[591,14150,"149\\3","PLO 33","DB",7.3,47,"II","A",1.07,10000,397,10700,424.79,13745.550000000001,14707.738500000001,3745.5500000000011,546,584.22,6,591]
[592,14151,"149\\3","PLO 33","DB",3.5,55,"B","B",0.71,7500,298,5325,211.57999999999998,9616.85,6827.9634999999998,2116.8500000000004,382,271.21999999999997,3,592]
[593,14152,"149\\3","PLO 33","DB",3.8,58,"A","A",0.86,10000,397,8600,341.42,"NEVYDRAŽENO","NEVYDRAŽENO","NEVYDRAŽENO","NEVYDRAŽENO","NEVYDRAŽENO",1,593]
[594,14153,88,"PLO 35","JS",5,57,"A","A",1.0900000000000001,3500,139,3815.0000000000005,151.51000000000002,6042,6585.7800000000007,2542,240,261.60000000000002,6,594]
[595,14154,88,"PLO 35","JS",4.3,66,"A","A",1.26,3500,139,4410,175.14000000000001,6042,7612.92,2542,240,302.39999999999998,6,595]
[596,14155,"149\\3","PLO 33","DB",2.8,61,"B","A",0.7,7500,298,5250,208.6,7681,5376.7,181,305.10427010923536,213.57298907646475,3,596]
[597,14156,"149\\3","PLO 33","DB",3.2,66,"B","A",0.94,7500,298,7050,280.12,8257.4,7761.9559999999992,757.39999999999964,328,308.32,2,597]
[598,14157,"149\\3","PLO 33","DB",4.2,47,"C","C",0.62,4000,159,2480,98.58,6581,4080.22,2581,261.4101290963257,162.07428003972194,5,598]
[599,14158,"149\\3","PLO 33","DB",4.5999999999999996,47,"II","A",0.67,10000,397,6700,265.99,13997.300000000001,9378.1910000000007,3997.3000000000011,556,372.52000000000004,8,599]
[600,14159,"149\\3","PLO 33","DB",4.5999999999999996,44,"II","A",0.59,10000,397,5900,234.23,15885.425000000001,9372.4007500000007,5885.4250000000011,631,372.28999999999996,8,600]
[601,14160,"149\\3","PLO 33","DB",5.3,76,"II","A",2.0699999999999998,12000,477,24839.999999999996,987.38999999999987,15322,31716.539999999997,3322,608.61966236345575,1259.8427010923533,5,601]
[602,14161,"149\\3","PLO 33","DB",5.8,42,"A","A",0.67,8000,318,5360,213.06,13644.85,9142.049500000001,5644.85,542,363.14000000000004,11,602]
[603,14162,"149\\3","PLO 33","DB",6.9,43,"C","C",0.84,4000,159,3360,133.56,11479.800000000001,9643.0320000000011,7479.8000000000011,456.00000000000006,383.04,9,603]
[604,14163,"149\\3","PLO 33","DB",5.4,57,"II","A",1.17,12000,477,14040,558.08999999999992,16993.125,19881.956249999999,4993.125,675,789.75,11,604]
[605,14164,"149\\3","PLO 33","DB",6.2,42,"A","A",0.72,8000,318,5760,228.95999999999998,12738.550000000001,9171.7560000000012,4738.5500000000011,506.00000000000006,364.32000000000005,8,605]
[606,14165,"149\\3","PLO 33","DB",6.9,44,"B","B",0.88,6000,238,5280,209.44,11731.550000000001,10323.764000000001,5731.5500000000011,466.00000000000006,410.08000000000004,6,606]
[607,14166,"149\\2","PLO 33","DB",9.5,42,"A","A",1.1100000000000001,8000,318,8880,352.98,13242.050000000001,14698.675500000003,5242.0500000000011,526,583.86,9,607]
[608,14167,"149\\2","PLO 33","DB",10.9,64,"II","A",3,12000,477,36000,1431,25728.850000000002,77186.55,13728.850000000002,1022.0000000000001,3066.0000000000005,10,608]
[609,14168,"149\\2","PLO 33","DB",12,41,"A","A",1.33,8000,318,10640,422.94,13493.800000000001,17946.754000000001,5493.8000000000011,536,712.88,7,609]
[610,14169,"149\\2","PLO 33","DB",12.3,45,"A","A",1.65,8000,318,13200,524.69999999999993,17849.075000000001,29450.973750000001,9849.0750000000007,709,1169.8499999999999,11,610]
[611,14170,"149\\2","PLO 33","DB",9.8000000000000007,59,"A","A",2.29,10000,397,22900,909.13,21021.125,48138.376250000001,11021.125,835,1912.15,9,611]
[612,14171,"149\\2","PLO 33","DB",9.6,47,"II","A",1.41,10000,397,14100,559.77,13997.300000000001,19736.192999999999,3997.3000000000011,556,783.95999999999992,11,612]
[613,14172,"149\\2","PLO 33","DB",7.8,76,"A","A",3.05,10000,397,30500,1210.8499999999999,36730.325000000004,112027.49125000001,26730.325000000004,1459.0000000000002,4449.9500000000007,12,613]
[614,14173,"149\\2","PLO 33","DB",7.8,62,"II","A",2.0099999999999998,12000,477,24119.999999999996,958.76999999999987,22179.174999999999,44580.141749999995,10179.174999999999,881,1770.8099999999997,9,614]
[615,14174,"149\\2","PLO 33","DB",10.8,39,"A","B",1.08,5500,218,5940,235.44000000000003,10472.800000000001,11310.624000000002,4972.8000000000011,416.00000000000006,449.28000000000009,5,615]
[616,14175,"149\\2","PLO 33","DB",9.3000000000000007,50,"B","B",1.55,7500,298,11625,461.90000000000003,12486.800000000001,19354.54,4986.8000000000011,496.00000000000006,768.80000000000007,6,616]
[617,14176,"149\\2","PLO 33","DB",8.4,58,"II","A",1.89,12000,477,22680,901.53,25200.174999999999,47628.330749999994,13200.174999999999,1000.9999999999999,1891.8899999999996,9,617]
[618,14177,"149\\2","PLO 33","DB",7.7,49,"A","A",1.23,8000,318,9840,391.14,13997.300000000001,17216.679,5997.3000000000011,556,683.88,11,618]
[619,14178,"149\\2","PLO 33","DB",7,49,"A","A",1.1200000000000001,8000,318,8960,356.16,13745.550000000001,15395.016000000003,5745.5500000000011,546,611.5200000000001,9,619]
[620,14179,"149\\2","PLO 33","DB",4.0999999999999996,47,"A","A",0.6,8000,318,4800,190.79999999999998,14249.050000000001,8549.43,6249.0500000000011,566,339.59999999999997,6,620]
[621,14180,"149\\2","PLO 33","DB",3.2,50,"B","B",0.53,7500,298,3975,157.94,13267.225,7031.6292500000009,5767.2250000000004,527,279.31,4,621]
[622,14181,"149\\2","PLO 33","DB",8.1,44,"A","A",1.04,8000,318,8320,330.72,13493.800000000001,14033.552000000001,5493.8000000000011,536,557.44000000000005,7,622]
[623,14182,"149\\2","PLO 33","DB",10.1,62,"A","A",2.61,10000,397,26100,1036.1699999999998,15322,39990.42,5322,608.61966236345575,1588.4973187686194,7,623]
[624,14183,"149\\1","PLO 33","DB",12,58,"A","A",2.7,10000,397,27000,1071.9000000000001,14651.85,39559.995000000003,4651.8500000000004,582,1571.4,7,624]
[625,14184,"149\\1","PLO 33","DB",12,44,"B","B",1.54,6000,238,9240,366.52,13619.675000000001,20974.299500000001,7619.6750000000011,541,833.14,7,625]
[626,14185,"149\\1","PLO 33","DB",12,42,"A","A",1.4,8000,318,11200,445.2,15306.4,21428.959999999999,7306.4,608,851.19999999999993,11,626]
[627,14186,"149\\1","PLO 33","DB",12,50,"A","A",2,10000,397,20000,794,16187.525,32375.05,6187.5249999999996,643,1286,11,627]
[628,14187,"149\\1","PLO 33","DB",12,53,"B","B",2.25,7500,298,16875,670.5,27818.375,62591.34375,20318.375,1105,2486.25,8,628]
[629,14188,"149\\1","PLO 33","DB",12,50,"B","B",2,7500,298,15000,596,20618.325000000001,41236.65,13118.325000000001,819,1638,11,629]
[630,14189,"149\\1","PLO 33","DB",10.7,43,"A","A",1.31,8000,318,10480,416.58000000000004,13493.800000000001,17676.878000000001,5493.8000000000011,536,702.16000000000008,8,630]
[631,14190,"149\\1","PLO 33","DB",11.5,50,"II","A",1.91,12000,477,22920,911.06999999999994,16722,31939.02,4722,664.23038728897711,1268.6800397219463,10,631]
[632,14191,"149\\1","PLO 33","DB",12,54,"A","A",2.34,10000,397,23400,928.9799999999999,25200.174999999999,58968.409499999994,15200.174999999999,1000.9999999999999,2342.3399999999997,13,632]
[633,14192,"149\\1","PLO 33","DB",12,51,"II","A",2.08,12000,477,24960,992.16000000000008,16665.850000000002,34664.968000000008,4665.8500000000022,662.00000000000011,1376.9600000000003,10,633]
[634,14193,"149\\1","PLO 33","DB",12,46,"A","A",1.68,8000,318,13440,534.24,13242.050000000001,22246.644,5242.0500000000011,526,883.68,8,634]
[635,14194,"149\\1","PLO 33","DB",11.5,45,"A","A",1.54,8000,318,12320,489.72,16086.825000000001,24773.710500000001,8086.8250000000007,639,984.06000000000006,13,635]
[636,14195,"149\\1","PLO 33","DB",5.7,41,"C","C",0.63,4000,159,2520,100.17,7149.7,4504.3109999999997,3149.7,284,178.92,2,636]
[637,14196,"149\\1","PLO 33","DB",8,44,"A","A",1.02,8000,318,8160,324.36,13493.800000000001,13763.676000000001,5493.8000000000011,536,546.72,8,637]
[638,14197,"149\\1","PLO 33","DB",11.1,45,"D","C",1.49,2500,99,3725,147.51,1100,1639,-1400,43.694141012909633,65.104270109235358,2,638]
[639,14198,"149\\1","PLO 33","DB",11.5,43,"II","A",1.4,10000,397,14000,555.79999999999995,13493.800000000001,18891.32,3493.8000000000011,536,750.4,8,639]
[640,14199,"149\\1","PLO 33","DB",12,52,"A","A",2.16,10000,397,21600,857.5200000000001,15306.4,33061.824000000001,5306.4,608,1313.2800000000002,7,640]
[641,14200,"149\\1","PLO 33","DB",10,57,"B","B",2.1800000000000002,7500,298,16350.000000000002,649.6400000000001,15322,33401.96,7822,608.61966236345575,1326.7908639523337,8,641]
[642,14201,"149\\1","PLO 33","DB",7.6,57,"II","A",1.65,12000,477,{"$f":"J644*K644","v":19800},{"$f":"J644*L644","v":787.05},15322,25281.3,3322,608.61966236345575,1004.2224428997019,9,642]
[643,14202,"149\\1","PLO 33","DB",8.1,49,"II","A",1.29,10000,397,12900,512.13,25200.174999999999,32508.225750000001,15200.174999999999,1000.9999999999999,1291.29,12,643]
[644,14203,88,"PLO 35","JS",9.8000000000000007,62,"II","A",2.5299999999999998,4500,179,11385,452.86999999999995,8609.85,21782.9205,4109.8500000000004,342,865.25999999999988,9,644]
[645,14204,88,"PLO 35","JS",10.4,57,"A","A",2.2599999999999998,3500,139,7909.9999999999991,314.14,8609.85,19458.260999999999,5109.8500000000004,342,772.92,10,645]
[646,14205,88,"PLO 35","JS",10,70,"B","A",3.3,3000,119,9900,392.7,9616.85,31735.605,6616.85,382,1260.5999999999999,10,646]
[647,14206,88,"PLO 35","JS",9.6999999999999993,66,"A","A",2.84,3500,139,9940,394.76,9113.35,25881.914000000001,5613.35,362,1028.08,9,647]
[648,14207,88,"PLO 35","JS",8.3000000000000007,70,"B","A",2.74,3000,119,8220,326.06,8358.1,22901.194000000003,5358.1,332,909.68000000000006,8,648]
[649,14208,88,"PLO 35","JS",10.3,64,"II","A",2.84,4500,179,12780,508.35999999999996,12814.075000000001,36391.972999999998,8314.0750000000007,509,1445.56,11,649]
[650,14209,88,"PLO 35","JS",8,61,"II","A",2,4500,179,9000,358,11379.1,22758.2,6879.1,452,904,10,650]
[651,14210,88,"PLO 35","JS",10.9,62,"B","A",2.81,3000,119,8430,334.39,10296.575000000001,28933.375750000003,7296.5750000000007,409,1149.29,10,651]
[652,14211,88,"PLO 35","JS",7,83,"B","A",3.27,3000,119,9810,389.13,12515.571428571428,40925.91857142857,9515.5714285714275,497.14285714285711,1625.6571428571428,9,652]
[653,14212,88,"PLO 35","JS",6.2,88,"A","A",3.26,3500,139,11410,453.14,10623.85,34633.750999999997,7123.85,422,1375.7199999999998,8,653]